<?xml version="1.0" encoding="UTF-8"?>
<collection xmlns="http://www.loc.gov/MARC21/slim">
 <record>
  <leader>47142nas a22039375  4500</leader>
  <controlfield tag="001">1/50267</controlfield>
  <controlfield tag="008">020314c19869999fr wr0p       0   a0fre d</controlfield>
  <datafield tag="022" ind1=" " ind2=" ">
   <subfield code="a">1633-7921</subfield>
  </datafield>
  <datafield tag="035" ind1=" " ind2=" ">
   <subfield code="l">23652</subfield>
  </datafield>
  <datafield tag="040" ind1=" " ind2=" ">
   <subfield code="a">DLC</subfield>
   <subfield code="b">GR-PeUP</subfield>
  </datafield>
  <datafield tag="090" ind1=" " ind2=" ">
   <subfield code="a">Αλφαβητική σειρά</subfield>
  </datafield>
  <datafield tag="245" ind1="0" ind2="0">
   <subfield code="a">Journal de la marine marchande et du transport multimodal.</subfield>
  </datafield>
  <datafield tag="246" ind1="1" ind2="7">
   <subfield code="a">Journal de la Marine Marchande</subfield>
  </datafield>
  <datafield tag="246" ind1="1" ind2="0">
   <subfield code="a">JMM</subfield>
  </datafield>
  <datafield tag="260" ind1=" " ind2=" ">
   <subfield code="a">Paris :</subfield>
   <subfield code="b">Journal de la marine marchande,</subfield>
   <subfield code="c">c1986-</subfield>
  </datafield>
  <datafield tag="300" ind1=" " ind2=" ">
   <subfield code="a">v. :</subfield>
   <subfield code="b">ill. ;</subfield>
   <subfield code="c">30 cm.</subfield>
  </datafield>
  <datafield tag="310" ind1=" " ind2=" ">
   <subfield code="a">Weekly</subfield>
  </datafield>
  <datafield tag="362" ind1="0" ind2=" ">
   <subfield code="a">Vol. 80, no. 4072 (Jan. 1998)-v. .82, no. 4205 (Jul. 2000)</subfield>
  </datafield>
  <datafield tag="362" ind1="0" ind2=" ">
   <subfield code="a">Vol. 84, no. 42-- ( 2002)-</subfield>
  </datafield>
  <datafield tag="362" ind1="0" ind2=" ">
   <subfield code="a">Vol. 85, no. 4368 (Sept. 2003)-</subfield>
  </datafield>
  <datafield tag="546" ind1=" " ind2=" ">
   <subfield code="a">French</subfield>
  </datafield>
  <datafield tag="650" ind1=" " ind2="4">
   <subfield code="a">Merchant marine</subfield>
   <subfield code="z">France</subfield>
   <subfield code="x">Periodicals.</subfield>
  </datafield>
  <datafield tag="650" ind1=" " ind2="4">
   <subfield code="a">Shipping</subfield>
   <subfield code="z">France</subfield>
   <subfield code="x">Periodicals.</subfield>
  </datafield>
  <datafield tag="650" ind1=" " ind2="4">
   <subfield code="a">Transportation</subfield>
   <subfield code="z">France</subfield>
   <subfield code="x">Periodicals.</subfield>
  </datafield>
  <datafield tag="852" ind1=" " ind2=" ">
   <subfield code="a">INST</subfield>
   <subfield code="b">UNIPILB</subfield>
   <subfield code="c">SERIALS</subfield>
   <subfield code="e">20050311</subfield>
   <subfield code="h">Αλφαβητική σειρά</subfield>
   <subfield code="p">41057</subfield>
   <subfield code="q">41057</subfield>
   <subfield code="t">NOLOAN</subfield>
   <subfield code="v">vol.84;no.4297:(Μήνας)April;(Ημέρα)26;(Έτος)2002</subfield>
   <subfield code="y">23</subfield>
  </datafield>
  <datafield tag="852" ind1=" " ind2=" ">
   <subfield code="a">INST</subfield>
   <subfield code="b">UNIPILB</subfield>
   <subfield code="c">SERIALS</subfield>
   <subfield code="e">20050311</subfield>
   <subfield code="h">Αλφαβητική σειρά</subfield>
   <subfield code="p">41058</subfield>
   <subfield code="q">41058</subfield>
   <subfield code="t">NOLOAN</subfield>
   <subfield code="v">vol.84;no.4300:(Μήνας)May;(Ημέρα)17;(Έτος)2002</subfield>
   <subfield code="y">23</subfield>
  </datafield>
  <datafield tag="852" ind1=" " ind2=" ">
   <subfield code="a">INST</subfield>
   <subfield code="b">UNIPILB</subfield>
   <subfield code="c">SERIALS</subfield>
   <subfield code="e">20050311</subfield>
   <subfield code="h">Αλφαβητική σειρά</subfield>
   <subfield code="p">41059</subfield>
   <subfield code="q">41059</subfield>
   <subfield code="t">NOLOAN</subfield>
   <subfield code="v">vol.84;no.4302:(Μήνας)May;(Ημέρα)31;(Έτος)2002</subfield>
   <subfield code="y">23</subfield>
  </datafield>
  <datafield tag="852" ind1=" " ind2=" ">
   <subfield code="a">INST</subfield>
   <subfield code="b">UNIPILB</subfield>
   <subfield code="c">SERIALS</subfield>
   <subfield code="e">20050311</subfield>
   <subfield code="h">Αλφαβητική σειρά</subfield>
   <subfield code="p">41060</subfield>
   <subfield code="q">41060</subfield>
   <subfield code="t">NOLOAN</subfield>
   <subfield code="v">vol.84;no.4303:(Μήνας)June;(Ημέρα)7;(Έτος)2002</subfield>
   <subfield code="y">23</subfield>
  </datafield>
  <datafield tag="852" ind1=" " ind2=" ">
   <subfield code="a">INST</subfield>
   <subfield code="b">UNIPILB</subfield>
   <subfield code="c">SERIALS</subfield>
   <subfield code="e">20050311</subfield>
   <subfield code="h">Αλφαβητική σειρά</subfield>
   <subfield code="p">41061</subfield>
   <subfield code="q">41061</subfield>
   <subfield code="t">NOLOAN</subfield>
   <subfield code="v">vol.84;no.4304:(Μήνας)June;(Ημέρα)14;(Έτος)2002</subfield>
   <subfield code="y">23</subfield>
  </datafield>
  <datafield tag="852" ind1=" " ind2=" ">
   <subfield code="a">INST</subfield>
   <subfield code="b">UNIPILB</subfield>
   <subfield code="c">SERIALS</subfield>
   <subfield code="e">20050311</subfield>
   <subfield code="h">Αλφαβητική σειρά</subfield>
   <subfield code="p">41062</subfield>
   <subfield code="q">41062</subfield>
   <subfield code="t">NOLOAN</subfield>
   <subfield code="v">vol.84;no.4305:(Μήνας)June;(Ημέρα)21;(Έτος)2002</subfield>
   <subfield code="y">23</subfield>
  </datafield>
  <datafield tag="852" ind1=" " ind2=" ">
   <subfield code="a">INST</subfield>
   <subfield code="b">UNIPILB</subfield>
   <subfield code="c">SERIALS</subfield>
   <subfield code="e">20050311</subfield>
   <subfield code="h">Αλφαβητική σειρά</subfield>
   <subfield code="p">41063</subfield>
   <subfield code="q">41063</subfield>
   <subfield code="t">NOLOAN</subfield>
   <subfield code="v">vol.84;no.4316:(Μήνας)September;(Ημέρα)6;(Έτος)2002</subfield>
   <subfield code="y">23</subfield>
  </datafield>
  <datafield tag="852" ind1=" " ind2=" ">
   <subfield code="a">INST</subfield>
   <subfield code="b">UNIPILB</subfield>
   <subfield code="c">SERIALS</subfield>
   <subfield code="e">20050311</subfield>
   <subfield code="h">Αλφαβητική σειρά</subfield>
   <subfield code="p">41065</subfield>
   <subfield code="q">41065</subfield>
   <subfield code="t">NOLOAN</subfield>
   <subfield code="v">vol.85;no.4321:(Μήνας)October;(Ημέρα)11;(Έτος)2002</subfield>
   <subfield code="y">23</subfield>
  </datafield>
  <datafield tag="852" ind1=" " ind2=" ">
   <subfield code="a">INST</subfield>
   <subfield code="b">UNIPILB</subfield>
   <subfield code="c">SERIALS</subfield>
   <subfield code="e">20050311</subfield>
   <subfield code="h">Αλφαβητική σειρά</subfield>
   <subfield code="p">41066</subfield>
   <subfield code="q">41066</subfield>
   <subfield code="t">NOLOAN</subfield>
   <subfield code="v">vol.85;no.4326:(Μήνας)November;(Ημέρα)15;(Έτος)2002</subfield>
   <subfield code="y">23</subfield>
  </datafield>
  <datafield tag="852" ind1=" " ind2=" ">
   <subfield code="a">INST</subfield>
   <subfield code="b">UNIPILB</subfield>
   <subfield code="c">SERIALS</subfield>
   <subfield code="e">20050311</subfield>
   <subfield code="h">Αλφαβητική σειρά</subfield>
   <subfield code="p">41067</subfield>
   <subfield code="q">41067</subfield>
   <subfield code="t">NOLOAN</subfield>
   <subfield code="v">vol.85;no.4330:(Μήνας)December;(Ημέρα)13;(Έτος)2002</subfield>
   <subfield code="y">23</subfield>
  </datafield>
  <datafield tag="852" ind1=" " ind2=" ">
   <subfield code="a">INST</subfield>
   <subfield code="b">UNIPILB</subfield>
   <subfield code="c">SERIALS</subfield>
   <subfield code="e">20050311</subfield>
   <subfield code="h">Αλφαβητική σειρά</subfield>
   <subfield code="p">41068</subfield>
   <subfield code="q">41068</subfield>
   <subfield code="t">NOLOAN</subfield>
   <subfield code="v">vol.85;no.4366:(Μήνας)August;(Ημέρα)22;(Έτος)2003</subfield>
   <subfield code="y">23</subfield>
  </datafield>
  <datafield tag="852" ind1=" " ind2=" ">
   <subfield code="a">INST</subfield>
   <subfield code="b">UNIPILB</subfield>
   <subfield code="c">SERIALS</subfield>
   <subfield code="e">20050311</subfield>
   <subfield code="h">Αλφαβητική σειρά</subfield>
   <subfield code="p">41069</subfield>
   <subfield code="q">41069</subfield>
   <subfield code="t">NOLOAN</subfield>
   <subfield code="v">vol.85;no.4367:(Μήνας)August;(Ημέρα)29;(Έτος)2003</subfield>
   <subfield code="y">23</subfield>
  </datafield>
  <datafield tag="852" ind1=" " ind2=" ">
   <subfield code="a">INST</subfield>
   <subfield code="b">UNIPILB</subfield>
   <subfield code="c">SERIALS</subfield>
   <subfield code="e">20050311</subfield>
   <subfield code="h">Αλφαβητική σειρά</subfield>
   <subfield code="p">41070</subfield>
   <subfield code="q">41070</subfield>
   <subfield code="t">NOLOAN</subfield>
   <subfield code="v">vol.85;no.4368:(Μήνας)September;(Ημέρα)5;(Έτος)2003</subfield>
   <subfield code="y">23</subfield>
  </datafield>
  <datafield tag="852" ind1=" " ind2=" ">
   <subfield code="a">INST</subfield>
   <subfield code="b">UNIPILB</subfield>
   <subfield code="c">SERIALS</subfield>
   <subfield code="e">20050311</subfield>
   <subfield code="h">Αλφαβητική σειρά</subfield>
   <subfield code="p">41071</subfield>
   <subfield code="q">41071</subfield>
   <subfield code="t">NOLOAN</subfield>
   <subfield code="v">vol.86;no.4369:(Μήνας)September;(Ημέρα)12;(Έτος)2003</subfield>
   <subfield code="y">23</subfield>
  </datafield>
  <datafield tag="852" ind1=" " ind2=" ">
   <subfield code="a">INST</subfield>
   <subfield code="b">UNIPILB</subfield>
   <subfield code="c">SERIALS</subfield>
   <subfield code="e">20050311</subfield>
   <subfield code="h">Αλφαβητική σειρά</subfield>
   <subfield code="p">41072</subfield>
   <subfield code="q">41072</subfield>
   <subfield code="t">NOLOAN</subfield>
   <subfield code="v">vol.86;no.4370:(Μήνας)September;(Ημέρα)19;(Έτος)2003</subfield>
   <subfield code="y">23</subfield>
  </datafield>
  <datafield tag="852" ind1=" " ind2=" ">
   <subfield code="a">INST</subfield>
   <subfield code="b">UNIPILB</subfield>
   <subfield code="c">SERIALS</subfield>
   <subfield code="e">20050311</subfield>
   <subfield code="h">Αλφαβητική σειρά</subfield>
   <subfield code="p">41073</subfield>
   <subfield code="q">41073</subfield>
   <subfield code="t">NOLOAN</subfield>
   <subfield code="v">vol.86;no.4371:(Μήνας)September;(Ημέρα)26;(Έτος)2003</subfield>
   <subfield code="y">23</subfield>
  </datafield>
  <datafield tag="852" ind1=" " ind2=" ">
   <subfield code="a">INST</subfield>
   <subfield code="b">UNIPILB</subfield>
   <subfield code="c">SERIALS</subfield>
   <subfield code="e">20050311</subfield>
   <subfield code="h">Αλφαβητική σειρά</subfield>
   <subfield code="p">41074</subfield>
   <subfield code="q">41074</subfield>
   <subfield code="t">NOLOAN</subfield>
   <subfield code="v">vol.86;no.4372:(Μήνας)October;(Ημέρα)3;(Έτος)2003</subfield>
   <subfield code="y">23</subfield>
  </datafield>
  <datafield tag="852" ind1=" " ind2=" ">
   <subfield code="a">INST</subfield>
   <subfield code="b">UNIPILB</subfield>
   <subfield code="c">SERIALS</subfield>
   <subfield code="e">20050311</subfield>
   <subfield code="h">Αλφαβητική σειρά</subfield>
   <subfield code="p">41075</subfield>
   <subfield code="q">41075</subfield>
   <subfield code="t">NOLOAN</subfield>
   <subfield code="v">vol.86;no.4373:(Μήνας)October;(Ημέρα)10;(Έτος)2003</subfield>
   <subfield code="y">23</subfield>
  </datafield>
  <datafield tag="852" ind1=" " ind2=" ">
   <subfield code="a">INST</subfield>
   <subfield code="b">UNIPILB</subfield>
   <subfield code="c">SERIALS</subfield>
   <subfield code="e">20050311</subfield>
   <subfield code="h">Αλφαβητική σειρά</subfield>
   <subfield code="p">41076</subfield>
   <subfield code="q">41076</subfield>
   <subfield code="t">NOLOAN</subfield>
   <subfield code="v">vol.86;no.4377:(Μήνας)November;(Ημέρα)7;(Έτος)2003</subfield>
   <subfield code="y">23</subfield>
  </datafield>
  <datafield tag="852" ind1=" " ind2=" ">
   <subfield code="a">INST</subfield>
   <subfield code="b">UNIPILB</subfield>
   <subfield code="c">SERIALS</subfield>
   <subfield code="e">20050311</subfield>
   <subfield code="h">Αλφαβητική σειρά</subfield>
   <subfield code="p">41077</subfield>
   <subfield code="q">41077</subfield>
   <subfield code="t">NOLOAN</subfield>
   <subfield code="v">vol.86;no.4378:(Μήνας)November;(Ημέρα)14;(Έτος)2003</subfield>
   <subfield code="y">23</subfield>
  </datafield>
  <datafield tag="852" ind1=" " ind2=" ">
   <subfield code="a">INST</subfield>
   <subfield code="b">UNIPILB</subfield>
   <subfield code="c">SERIALS</subfield>
   <subfield code="e">20050311</subfield>
   <subfield code="h">Αλφαβητική σειρά</subfield>
   <subfield code="p">41078</subfield>
   <subfield code="q">41078</subfield>
   <subfield code="t">NOLOAN</subfield>
   <subfield code="v">vol.86;no.4379:(Μήνας)November;(Ημέρα)21;(Έτος)2003</subfield>
   <subfield code="y">23</subfield>
  </datafield>
  <datafield tag="852" ind1=" " ind2=" ">
   <subfield code="a">INST</subfield>
   <subfield code="b">UNIPILB</subfield>
   <subfield code="c">SERIALS</subfield>
   <subfield code="e">20050311</subfield>
   <subfield code="h">Αλφαβητική σειρά</subfield>
   <subfield code="p">41079</subfield>
   <subfield code="q">41079</subfield>
   <subfield code="t">NOLOAN</subfield>
   <subfield code="v">vol.86;no.4380:(Μήνας)November;(Ημέρα)28;(Έτος)2003</subfield>
   <subfield code="y">23</subfield>
  </datafield>
  <datafield tag="852" ind1=" " ind2=" ">
   <subfield code="a">INST</subfield>
   <subfield code="b">UNIPILB</subfield>
   <subfield code="c">SERIALS</subfield>
   <subfield code="e">20050311</subfield>
   <subfield code="h">Αλφαβητική σειρά</subfield>
   <subfield code="p">41080</subfield>
   <subfield code="q">41080</subfield>
   <subfield code="t">NOLOAN</subfield>
   <subfield code="v">vol.86;no.4381:(Μήνας)December;(Ημέρα)5;(Έτος)2003</subfield>
   <subfield code="y">23</subfield>
  </datafield>
  <datafield tag="852" ind1=" " ind2=" ">
   <subfield code="a">INST</subfield>
   <subfield code="b">UNIPILB</subfield>
   <subfield code="c">SERIALS</subfield>
   <subfield code="e">20050311</subfield>
   <subfield code="h">Αλφαβητική σειρά</subfield>
   <subfield code="p">41081</subfield>
   <subfield code="q">41081</subfield>
   <subfield code="t">NOLOAN</subfield>
   <subfield code="v">vol.86;no.4382:(Μήνας)December;(Ημέρα)12;(Έτος)2003</subfield>
   <subfield code="y">23</subfield>
  </datafield>
  <datafield tag="852" ind1=" " ind2=" ">
   <subfield code="a">INST</subfield>
   <subfield code="b">UNIPILB</subfield>
   <subfield code="c">SERIALS</subfield>
   <subfield code="e">20050311</subfield>
   <subfield code="h">Αλφαβητική σειρά</subfield>
   <subfield code="p">41082</subfield>
   <subfield code="q">41082</subfield>
   <subfield code="t">NOLOAN</subfield>
   <subfield code="v">vol.86;no.4383:(Μήνας)December;(Ημέρα)19;(Έτος)2003</subfield>
   <subfield code="y">23</subfield>
  </datafield>
  <datafield tag="852" ind1=" " ind2=" ">
   <subfield code="a">INST</subfield>
   <subfield code="b">UNIPILB</subfield>
   <subfield code="c">SERIALS</subfield>
   <subfield code="e">20050311</subfield>
   <subfield code="h">Αλφαβητική σειρά</subfield>
   <subfield code="p">41083</subfield>
   <subfield code="q">41083</subfield>
   <subfield code="t">NOLOAN</subfield>
   <subfield code="v">vol.86;no.4384:(Μήνας)December;(Ημέρα)26;(Έτος)2003</subfield>
   <subfield code="y">23</subfield>
  </datafield>
  <datafield tag="852" ind1=" " ind2=" ">
   <subfield code="a">INST</subfield>
   <subfield code="b">UNIPILB</subfield>
   <subfield code="c">SERIALS</subfield>
   <subfield code="e">20050311</subfield>
   <subfield code="h">Αλφαβητική σειρά</subfield>
   <subfield code="p">41084</subfield>
   <subfield code="q">41084</subfield>
   <subfield code="t">NOLOAN</subfield>
   <subfield code="v">vol.86;no.4385:(Μήνας)January;(Ημέρα)9;(Έτος)2004</subfield>
   <subfield code="y">23</subfield>
  </datafield>
  <datafield tag="852" ind1=" " ind2=" ">
   <subfield code="a">INST</subfield>
   <subfield code="b">UNIPILB</subfield>
   <subfield code="c">SERIALS</subfield>
   <subfield code="e">20050311</subfield>
   <subfield code="h">Αλφαβητική σειρά</subfield>
   <subfield code="p">41085</subfield>
   <subfield code="q">41085</subfield>
   <subfield code="t">NOLOAN</subfield>
   <subfield code="v">vol.86;no.4386:(Μήνας)January;(Ημέρα)16;(Έτος)2004</subfield>
   <subfield code="y">23</subfield>
  </datafield>
  <datafield tag="852" ind1=" " ind2=" ">
   <subfield code="a">INST</subfield>
   <subfield code="b">UNIPILB</subfield>
   <subfield code="c">SERIALS</subfield>
   <subfield code="e">20050311</subfield>
   <subfield code="h">Αλφαβητική σειρά</subfield>
   <subfield code="p">41086</subfield>
   <subfield code="q">41086</subfield>
   <subfield code="t">NOLOAN</subfield>
   <subfield code="v">vol.86;no.4387:(Μήνας)January;(Ημέρα)23;(Έτος)2004</subfield>
   <subfield code="y">23</subfield>
  </datafield>
  <datafield tag="852" ind1=" " ind2=" ">
   <subfield code="a">INST</subfield>
   <subfield code="b">UNIPILB</subfield>
   <subfield code="c">SERIALS</subfield>
   <subfield code="e">20050311</subfield>
   <subfield code="h">Αλφαβητική σειρά</subfield>
   <subfield code="p">41087</subfield>
   <subfield code="q">41087</subfield>
   <subfield code="t">NOLOAN</subfield>
   <subfield code="v">vol.86;no.4388:(Μήνας)January;(Ημέρα)30;(Έτος)2004</subfield>
   <subfield code="y">23</subfield>
  </datafield>
  <datafield tag="852" ind1=" " ind2=" ">
   <subfield code="a">INST</subfield>
   <subfield code="b">UNIPILB</subfield>
   <subfield code="c">SERIALS</subfield>
   <subfield code="e">20050311</subfield>
   <subfield code="h">Αλφαβητική σειρά</subfield>
   <subfield code="p">41088</subfield>
   <subfield code="q">41088</subfield>
   <subfield code="t">NOLOAN</subfield>
   <subfield code="v">vol.86;no.4389:(Μήνας)February;(Ημέρα)6;(Έτος)2004</subfield>
   <subfield code="y">23</subfield>
  </datafield>
  <datafield tag="852" ind1=" " ind2=" ">
   <subfield code="a">INST</subfield>
   <subfield code="b">UNIPILB</subfield>
   <subfield code="c">SERIALS</subfield>
   <subfield code="e">20050311</subfield>
   <subfield code="h">Αλφαβητική σειρά</subfield>
   <subfield code="p">41089</subfield>
   <subfield code="q">41089</subfield>
   <subfield code="t">NOLOAN</subfield>
   <subfield code="v">vol.86;no.4390:(Μήνας)February;(Ημέρα)13;(Έτος)2004</subfield>
   <subfield code="y">23</subfield>
  </datafield>
  <datafield tag="852" ind1=" " ind2=" ">
   <subfield code="a">INST</subfield>
   <subfield code="b">UNIPILB</subfield>
   <subfield code="c">SERIALS</subfield>
   <subfield code="e">20050311</subfield>
   <subfield code="h">Αλφαβητική σειρά</subfield>
   <subfield code="p">41090</subfield>
   <subfield code="q">41090</subfield>
   <subfield code="t">NOLOAN</subfield>
   <subfield code="v">vol.86;no.4391:(Μήνας)February;(Ημέρα)20;(Έτος)2004</subfield>
   <subfield code="y">23</subfield>
  </datafield>
  <datafield tag="852" ind1=" " ind2=" ">
   <subfield code="a">INST</subfield>
   <subfield code="b">UNIPILB</subfield>
   <subfield code="c">SERIALS</subfield>
   <subfield code="e">20050311</subfield>
   <subfield code="h">Αλφαβητική σειρά</subfield>
   <subfield code="p">41091</subfield>
   <subfield code="q">41091</subfield>
   <subfield code="t">NOLOAN</subfield>
   <subfield code="v">vol.86;no.4392:(Μήνας)February;(Ημέρα)27;(Έτος)2004</subfield>
   <subfield code="y">23</subfield>
  </datafield>
  <datafield tag="852" ind1=" " ind2=" ">
   <subfield code="a">INST</subfield>
   <subfield code="b">UNIPILB</subfield>
   <subfield code="c">SERIALS</subfield>
   <subfield code="e">20050311</subfield>
   <subfield code="h">Αλφαβητική σειρά</subfield>
   <subfield code="p">41092</subfield>
   <subfield code="q">41092</subfield>
   <subfield code="t">NOLOAN</subfield>
   <subfield code="v">vol.86;no.4393:(Μήνας)March;(Ημέρα)5;(Έτος)2004</subfield>
   <subfield code="y">23</subfield>
  </datafield>
  <datafield tag="852" ind1=" " ind2=" ">
   <subfield code="a">INST</subfield>
   <subfield code="b">UNIPILB</subfield>
   <subfield code="c">SERIALS</subfield>
   <subfield code="e">20050311</subfield>
   <subfield code="h">Αλφαβητική σειρά</subfield>
   <subfield code="p">41093</subfield>
   <subfield code="q">41093</subfield>
   <subfield code="t">NOLOAN</subfield>
   <subfield code="v">vol.86;no.4396:(Μήνας)March;(Ημέρα)26;(Έτος)2004</subfield>
   <subfield code="y">23</subfield>
  </datafield>
  <datafield tag="852" ind1=" " ind2=" ">
   <subfield code="a">INST</subfield>
   <subfield code="b">UNIPILB</subfield>
   <subfield code="c">SERIALS</subfield>
   <subfield code="e">20050311</subfield>
   <subfield code="h">Αλφαβητική σειρά</subfield>
   <subfield code="p">41094</subfield>
   <subfield code="q">41094</subfield>
   <subfield code="t">NOLOAN</subfield>
   <subfield code="v">vol.86;no.4394:(Μήνας)March;(Ημέρα)12;(Έτος)2004</subfield>
   <subfield code="y">23</subfield>
  </datafield>
  <datafield tag="852" ind1=" " ind2=" ">
   <subfield code="a">INST</subfield>
   <subfield code="b">UNIPILB</subfield>
   <subfield code="c">SERIALS</subfield>
   <subfield code="e">20050311</subfield>
   <subfield code="h">Αλφαβητική σειρά</subfield>
   <subfield code="p">41095</subfield>
   <subfield code="q">41095</subfield>
   <subfield code="t">NOLOAN</subfield>
   <subfield code="v">vol.86;no.4395:(Μήνας)March;(Ημέρα)19;(Έτος)2004</subfield>
   <subfield code="y">23</subfield>
  </datafield>
  <datafield tag="852" ind1=" " ind2=" ">
   <subfield code="a">INST</subfield>
   <subfield code="b">UNIPILB</subfield>
   <subfield code="c">SERIALS</subfield>
   <subfield code="e">20050311</subfield>
   <subfield code="h">Αλφαβητική σειρά</subfield>
   <subfield code="p">41096</subfield>
   <subfield code="q">41096</subfield>
   <subfield code="t">NOLOAN</subfield>
   <subfield code="v">vol.86;no.4398:(Μήνας)April;(Ημέρα)9;(Έτος)2004</subfield>
   <subfield code="y">23</subfield>
  </datafield>
  <datafield tag="852" ind1=" " ind2=" ">
   <subfield code="a">INST</subfield>
   <subfield code="b">UNIPILB</subfield>
   <subfield code="c">SERIALS</subfield>
   <subfield code="e">20050311</subfield>
   <subfield code="h">Αλφαβητική σειρά</subfield>
   <subfield code="p">41097</subfield>
   <subfield code="q">41097</subfield>
   <subfield code="t">NOLOAN</subfield>
   <subfield code="v">vol.86;no.4399:(Μήνας)April;(Ημέρα)16;(Έτος)2004</subfield>
   <subfield code="y">23</subfield>
  </datafield>
  <datafield tag="852" ind1=" " ind2=" ">
   <subfield code="a">INST</subfield>
   <subfield code="b">UNIPILB</subfield>
   <subfield code="c">SERIALS</subfield>
   <subfield code="e">20050311</subfield>
   <subfield code="h">Αλφαβητική σειρά</subfield>
   <subfield code="p">41098</subfield>
   <subfield code="q">41098</subfield>
   <subfield code="t">NOLOAN</subfield>
   <subfield code="v">vol.86;no.4400:(Μήνας)April;(Ημέρα)23;(Έτος)2004</subfield>
   <subfield code="y">23</subfield>
  </datafield>
  <datafield tag="852" ind1=" " ind2=" ">
   <subfield code="a">INST</subfield>
   <subfield code="b">UNIPILB</subfield>
   <subfield code="c">SERIALS</subfield>
   <subfield code="e">20050311</subfield>
   <subfield code="h">Αλφαβητική σειρά</subfield>
   <subfield code="p">41099</subfield>
   <subfield code="q">41099</subfield>
   <subfield code="t">NOLOAN</subfield>
   <subfield code="v">vol.86;no.4401:(Μήνας)April;(Ημέρα)30;(Έτος)2004</subfield>
   <subfield code="y">23</subfield>
  </datafield>
  <datafield tag="852" ind1=" " ind2=" ">
   <subfield code="a">INST</subfield>
   <subfield code="b">UNIPILB</subfield>
   <subfield code="c">SERIALS</subfield>
   <subfield code="e">20050311</subfield>
   <subfield code="h">Αλφαβητική σειρά</subfield>
   <subfield code="p">41102</subfield>
   <subfield code="q">41102</subfield>
   <subfield code="t">NOLOAN</subfield>
   <subfield code="v">vol.84;no.4307:(Μήνας)July;(Ημέρα)5;(Έτος)2002</subfield>
   <subfield code="y">23</subfield>
  </datafield>
  <datafield tag="852" ind1=" " ind2=" ">
   <subfield code="a">INST</subfield>
   <subfield code="b">UNIPILB</subfield>
   <subfield code="c">SERIALS</subfield>
   <subfield code="e">20050311</subfield>
   <subfield code="h">Αλφαβητική σειρά</subfield>
   <subfield code="p">41103</subfield>
   <subfield code="q">41103</subfield>
   <subfield code="t">NOLOAN</subfield>
   <subfield code="v">vol.84;no.4312-4313:(Μήνας)August;(Ημέρα)9;(Έτος)2002</subfield>
   <subfield code="y">23</subfield>
  </datafield>
  <datafield tag="852" ind1=" " ind2=" ">
   <subfield code="a">INST</subfield>
   <subfield code="b">UNIPILB</subfield>
   <subfield code="c">SERIALS</subfield>
   <subfield code="e">20050311</subfield>
   <subfield code="h">Αλφαβητική σειρά</subfield>
   <subfield code="p">41182</subfield>
   <subfield code="q">41182</subfield>
   <subfield code="t">NOLOAN</subfield>
   <subfield code="v">vol.84;no.4282:(Μήνας)January;(Ημέρα)11;(Έτος)2002</subfield>
   <subfield code="y">23</subfield>
  </datafield>
  <datafield tag="852" ind1=" " ind2=" ">
   <subfield code="a">INST</subfield>
   <subfield code="b">UNIPILB</subfield>
   <subfield code="c">SERIALS</subfield>
   <subfield code="e">20050311</subfield>
   <subfield code="h">Αλφαβητική σειρά</subfield>
   <subfield code="p">41183</subfield>
   <subfield code="q">41183</subfield>
   <subfield code="t">NOLOAN</subfield>
   <subfield code="v">vol.84;no.4283:(Μήνας)January;(Ημέρα)18;(Έτος)2002</subfield>
   <subfield code="y">23</subfield>
  </datafield>
  <datafield tag="852" ind1=" " ind2=" ">
   <subfield code="a">INST</subfield>
   <subfield code="b">UNIPILB</subfield>
   <subfield code="c">SERIALS</subfield>
   <subfield code="e">20050311</subfield>
   <subfield code="h">Αλφαβητική σειρά</subfield>
   <subfield code="p">41184</subfield>
   <subfield code="q">41184</subfield>
   <subfield code="t">NOLOAN</subfield>
   <subfield code="v">vol.84;no.4284:(Μήνας)January;(Ημέρα)25;(Έτος)2002</subfield>
   <subfield code="y">23</subfield>
  </datafield>
  <datafield tag="852" ind1=" " ind2=" ">
   <subfield code="a">INST</subfield>
   <subfield code="b">UNIPILB</subfield>
   <subfield code="c">SERIALS</subfield>
   <subfield code="e">20050311</subfield>
   <subfield code="h">Αλφαβητική σειρά</subfield>
   <subfield code="p">41185</subfield>
   <subfield code="q">41185</subfield>
   <subfield code="t">NOLOAN</subfield>
   <subfield code="v">vol.84;no.4286:(Μήνας)February;(Ημέρα)8;(Έτος)2002</subfield>
   <subfield code="y">23</subfield>
  </datafield>
  <datafield tag="852" ind1=" " ind2=" ">
   <subfield code="a">INST</subfield>
   <subfield code="b">UNIPILB</subfield>
   <subfield code="c">SERIALS</subfield>
   <subfield code="e">20050311</subfield>
   <subfield code="h">Αλφαβητική σειρά</subfield>
   <subfield code="p">41186</subfield>
   <subfield code="q">41186</subfield>
   <subfield code="t">NOLOAN</subfield>
   <subfield code="v">vol.84;no.4287:(Μήνας)February;(Ημέρα)15;(Έτος)2002</subfield>
   <subfield code="y">23</subfield>
  </datafield>
  <datafield tag="852" ind1=" " ind2=" ">
   <subfield code="a">INST</subfield>
   <subfield code="b">UNIPILB</subfield>
   <subfield code="c">SERIALS</subfield>
   <subfield code="e">20050311</subfield>
   <subfield code="h">Αλφαβητική σειρά</subfield>
   <subfield code="p">41187</subfield>
   <subfield code="q">41187</subfield>
   <subfield code="t">NOLOAN</subfield>
   <subfield code="v">vol.84;no.4291:(Μήνας)March;(Ημέρα)15;(Έτος)2002</subfield>
   <subfield code="y">23</subfield>
  </datafield>
  <datafield tag="852" ind1=" " ind2=" ">
   <subfield code="a">INST</subfield>
   <subfield code="b">UNIPILB</subfield>
   <subfield code="c">SERIALS</subfield>
   <subfield code="e">20050311</subfield>
   <subfield code="h">Αλφαβητική σειρά</subfield>
   <subfield code="p">41188</subfield>
   <subfield code="q">41188</subfield>
   <subfield code="t">NOLOAN</subfield>
   <subfield code="v">vol.84;no.4292:(Μήνας)March;(Ημέρα)22;(Έτος)2002</subfield>
   <subfield code="y">23</subfield>
  </datafield>
  <datafield tag="852" ind1=" " ind2=" ">
   <subfield code="a">INST</subfield>
   <subfield code="b">UNIPILB</subfield>
   <subfield code="c">SERIALS</subfield>
   <subfield code="e">20050311</subfield>
   <subfield code="h">Αλφαβητική σειρά</subfield>
   <subfield code="p">41189</subfield>
   <subfield code="q">41189</subfield>
   <subfield code="t">NOLOAN</subfield>
   <subfield code="v">vol.84;no.4294:(Μήνας)April;(Ημέρα)5;(Έτος)2002</subfield>
   <subfield code="y">23</subfield>
  </datafield>
  <datafield tag="852" ind1=" " ind2=" ">
   <subfield code="a">INST</subfield>
   <subfield code="b">UNIPILB</subfield>
   <subfield code="c">SERIALS</subfield>
   <subfield code="e">20050311</subfield>
   <subfield code="h">Αλφαβητική σειρά</subfield>
   <subfield code="p">41190</subfield>
   <subfield code="q">41190</subfield>
   <subfield code="t">NOLOAN</subfield>
   <subfield code="v">vol.84;no.4295:(Μήνας)April;(Ημέρα)12;(Έτος)2002</subfield>
   <subfield code="y">23</subfield>
  </datafield>
  <datafield tag="852" ind1=" " ind2=" ">
   <subfield code="a">INST</subfield>
   <subfield code="b">UNIPILB</subfield>
   <subfield code="c">SERIALS</subfield>
   <subfield code="e">20050311</subfield>
   <subfield code="h">Αλφαβητική σειρά</subfield>
   <subfield code="p">41191</subfield>
   <subfield code="q">41191</subfield>
   <subfield code="t">NOLOAN</subfield>
   <subfield code="v">vol.84;no.4296:(Μήνας)April;(Ημέρα)19;(Έτος)2002</subfield>
   <subfield code="y">23</subfield>
  </datafield>
  <datafield tag="852" ind1=" " ind2=" ">
   <subfield code="a">INST</subfield>
   <subfield code="b">UNIPILB</subfield>
   <subfield code="c">SERIALS</subfield>
   <subfield code="e">20050311</subfield>
   <subfield code="h">Αλφαβητική σειρά</subfield>
   <subfield code="p">41192</subfield>
   <subfield code="q">41192</subfield>
   <subfield code="t">NOLOAN</subfield>
   <subfield code="v">vol.84;no.4298:(Μήνας)May;(Ημέρα)3;(Έτος)2002</subfield>
   <subfield code="y">23</subfield>
  </datafield>
  <datafield tag="852" ind1=" " ind2=" ">
   <subfield code="a">INST</subfield>
   <subfield code="b">UNIPILB</subfield>
   <subfield code="c">SERIALS</subfield>
   <subfield code="e">20050311</subfield>
   <subfield code="h">Αλφαβητική σειρά</subfield>
   <subfield code="p">41193</subfield>
   <subfield code="q">41193</subfield>
   <subfield code="t">NOLOAN</subfield>
   <subfield code="v">vol.84;no.4299:(Μήνας)May;(Ημέρα)10;(Έτος)2002</subfield>
   <subfield code="y">23</subfield>
  </datafield>
  <datafield tag="852" ind1=" " ind2=" ">
   <subfield code="a">INST</subfield>
   <subfield code="b">UNIPILB</subfield>
   <subfield code="c">SERIALS</subfield>
   <subfield code="e">20050311</subfield>
   <subfield code="h">Αλφαβητική σειρά</subfield>
   <subfield code="p">41194</subfield>
   <subfield code="q">41194</subfield>
   <subfield code="t">NOLOAN</subfield>
   <subfield code="v">vol.84;no.4301:(Μήνας)May;(Ημέρα)24;(Έτος)2002</subfield>
   <subfield code="y">23</subfield>
  </datafield>
  <datafield tag="852" ind1=" " ind2=" ">
   <subfield code="a">INST</subfield>
   <subfield code="b">UNIPILB</subfield>
   <subfield code="c">SERIALS</subfield>
   <subfield code="e">20050311</subfield>
   <subfield code="h">Αλφαβητική σειρά</subfield>
   <subfield code="p">41195</subfield>
   <subfield code="q">41195</subfield>
   <subfield code="t">NOLOAN</subfield>
   <subfield code="v">vol.84;no.4308-4309:(Μήνας)July;(Ημέρα)12;(Έτος)2002</subfield>
   <subfield code="y">23</subfield>
  </datafield>
  <datafield tag="852" ind1=" " ind2=" ">
   <subfield code="a">INST</subfield>
   <subfield code="b">UNIPILB</subfield>
   <subfield code="c">SERIALS</subfield>
   <subfield code="e">20050311</subfield>
   <subfield code="h">Αλφαβητική σειρά</subfield>
   <subfield code="p">41196</subfield>
   <subfield code="q">41196</subfield>
   <subfield code="t">NOLOAN</subfield>
   <subfield code="v">vol.84;no.4310-4311:(Μήνας)July;(Ημέρα)26;(Έτος)2002</subfield>
   <subfield code="y">23</subfield>
  </datafield>
  <datafield tag="852" ind1=" " ind2=" ">
   <subfield code="a">INST</subfield>
   <subfield code="b">UNIPILB</subfield>
   <subfield code="c">SERIALS</subfield>
   <subfield code="e">20050311</subfield>
   <subfield code="h">Αλφαβητική σειρά</subfield>
   <subfield code="p">41197</subfield>
   <subfield code="q">41197</subfield>
   <subfield code="t">NOLOAN</subfield>
   <subfield code="v">vol.84;no.4314:(Μήνας)August;(Ημέρα)23;(Έτος)2002</subfield>
   <subfield code="y">23</subfield>
  </datafield>
  <datafield tag="852" ind1=" " ind2=" ">
   <subfield code="a">INST</subfield>
   <subfield code="b">UNIPILB</subfield>
   <subfield code="c">SERIALS</subfield>
   <subfield code="e">20050311</subfield>
   <subfield code="h">Αλφαβητική σειρά</subfield>
   <subfield code="p">41198</subfield>
   <subfield code="q">41198</subfield>
   <subfield code="t">NOLOAN</subfield>
   <subfield code="v">vol.84;no.4315:(Μήνας)August;(Ημέρα)30;(Έτος)2002</subfield>
   <subfield code="y">23</subfield>
  </datafield>
  <datafield tag="852" ind1=" " ind2=" ">
   <subfield code="a">INST</subfield>
   <subfield code="b">UNIPILB</subfield>
   <subfield code="c">SERIALS</subfield>
   <subfield code="e">20050311</subfield>
   <subfield code="h">Αλφαβητική σειρά</subfield>
   <subfield code="p">41199</subfield>
   <subfield code="q">41199</subfield>
   <subfield code="t">NOLOAN</subfield>
   <subfield code="v">vol.85;no.4317:(Μήνας)September;(Ημέρα)13;(Έτος)2002</subfield>
   <subfield code="y">23</subfield>
  </datafield>
  <datafield tag="852" ind1=" " ind2=" ">
   <subfield code="a">INST</subfield>
   <subfield code="b">UNIPILB</subfield>
   <subfield code="c">SERIALS</subfield>
   <subfield code="e">20050311</subfield>
   <subfield code="h">Αλφαβητική σειρά</subfield>
   <subfield code="p">41200</subfield>
   <subfield code="q">41200</subfield>
   <subfield code="t">NOLOAN</subfield>
   <subfield code="v">vol.85;no.4318:(Μήνας)September;(Ημέρα)20;(Έτος)2002</subfield>
   <subfield code="y">23</subfield>
  </datafield>
  <datafield tag="852" ind1=" " ind2=" ">
   <subfield code="a">INST</subfield>
   <subfield code="b">UNIPILB</subfield>
   <subfield code="c">SERIALS</subfield>
   <subfield code="e">20050311</subfield>
   <subfield code="h">Αλφαβητική σειρά</subfield>
   <subfield code="p">41201</subfield>
   <subfield code="q">41201</subfield>
   <subfield code="t">NOLOAN</subfield>
   <subfield code="v">vol.85;no.4319:(Μήνας)September;(Ημέρα)27;(Έτος)2002</subfield>
   <subfield code="y">23</subfield>
  </datafield>
  <datafield tag="852" ind1=" " ind2=" ">
   <subfield code="a">INST</subfield>
   <subfield code="b">UNIPILB</subfield>
   <subfield code="c">SERIALS</subfield>
   <subfield code="e">20050311</subfield>
   <subfield code="h">Αλφαβητική σειρά</subfield>
   <subfield code="p">41202</subfield>
   <subfield code="q">41202</subfield>
   <subfield code="t">NOLOAN</subfield>
   <subfield code="v">vol.85;no.4320:(Μήνας)October;(Ημέρα)4;(Έτος)2002</subfield>
   <subfield code="y">23</subfield>
  </datafield>
  <datafield tag="852" ind1=" " ind2=" ">
   <subfield code="a">INST</subfield>
   <subfield code="b">UNIPILB</subfield>
   <subfield code="c">SERIALS</subfield>
   <subfield code="e">20050311</subfield>
   <subfield code="h">Αλφαβητική σειρά</subfield>
   <subfield code="p">41203</subfield>
   <subfield code="q">41203</subfield>
   <subfield code="t">NOLOAN</subfield>
   <subfield code="v">vol.85;no.4322:(Μήνας)October;(Ημέρα)18;(Έτος)2002</subfield>
   <subfield code="y">23</subfield>
  </datafield>
  <datafield tag="852" ind1=" " ind2=" ">
   <subfield code="a">INST</subfield>
   <subfield code="b">UNIPILB</subfield>
   <subfield code="c">SERIALS</subfield>
   <subfield code="e">20050311</subfield>
   <subfield code="h">Αλφαβητική σειρά</subfield>
   <subfield code="p">41204</subfield>
   <subfield code="q">41204</subfield>
   <subfield code="t">NOLOAN</subfield>
   <subfield code="v">vol.85;no.4323:(Μήνας)October;(Ημέρα)25;(Έτος)2002</subfield>
   <subfield code="y">23</subfield>
  </datafield>
  <datafield tag="852" ind1=" " ind2=" ">
   <subfield code="a">INST</subfield>
   <subfield code="b">UNIPILB</subfield>
   <subfield code="c">SERIALS</subfield>
   <subfield code="e">20050311</subfield>
   <subfield code="h">Αλφαβητική σειρά</subfield>
   <subfield code="p">41205</subfield>
   <subfield code="q">41205</subfield>
   <subfield code="t">NOLOAN</subfield>
   <subfield code="v">vol.85;no.4324:(Μήνας)November;(Ημέρα)1;(Έτος)2002</subfield>
   <subfield code="y">23</subfield>
  </datafield>
  <datafield tag="852" ind1=" " ind2=" ">
   <subfield code="a">INST</subfield>
   <subfield code="b">UNIPILB</subfield>
   <subfield code="c">SERIALS</subfield>
   <subfield code="e">20050311</subfield>
   <subfield code="h">Αλφαβητική σειρά</subfield>
   <subfield code="p">41206</subfield>
   <subfield code="q">41206</subfield>
   <subfield code="t">NOLOAN</subfield>
   <subfield code="v">vol.85;no.4325:(Μήνας)November;(Ημέρα)8;(Έτος)2002</subfield>
   <subfield code="y">23</subfield>
  </datafield>
  <datafield tag="852" ind1=" " ind2=" ">
   <subfield code="a">INST</subfield>
   <subfield code="b">UNIPILB</subfield>
   <subfield code="c">SERIALS</subfield>
   <subfield code="e">20050311</subfield>
   <subfield code="h">Αλφαβητική σειρά</subfield>
   <subfield code="p">41207</subfield>
   <subfield code="q">41207</subfield>
   <subfield code="t">NOLOAN</subfield>
   <subfield code="v">vol.85;no.4327:(Μήνας)November;(Ημέρα)22;(Έτος)2002</subfield>
   <subfield code="y">23</subfield>
  </datafield>
  <datafield tag="852" ind1=" " ind2=" ">
   <subfield code="a">INST</subfield>
   <subfield code="b">UNIPILB</subfield>
   <subfield code="c">SERIALS</subfield>
   <subfield code="e">20050311</subfield>
   <subfield code="h">Αλφαβητική σειρά</subfield>
   <subfield code="p">41208</subfield>
   <subfield code="q">41208</subfield>
   <subfield code="t">NOLOAN</subfield>
   <subfield code="v">vol.85;no.4328:(Μήνας)November;(Ημέρα)29;(Έτος)2002</subfield>
   <subfield code="y">23</subfield>
  </datafield>
  <datafield tag="852" ind1=" " ind2=" ">
   <subfield code="a">INST</subfield>
   <subfield code="b">UNIPILB</subfield>
   <subfield code="c">SERIALS</subfield>
   <subfield code="e">20050311</subfield>
   <subfield code="h">Αλφαβητική σειρά</subfield>
   <subfield code="p">41209</subfield>
   <subfield code="q">41209</subfield>
   <subfield code="t">NOLOAN</subfield>
   <subfield code="v">vol.85;no.4329:(Μήνας)December;(Ημέρα)6;(Έτος)2002</subfield>
   <subfield code="y">23</subfield>
  </datafield>
  <datafield tag="852" ind1=" " ind2=" ">
   <subfield code="a">INST</subfield>
   <subfield code="b">UNIPILB</subfield>
   <subfield code="c">SERIALS</subfield>
   <subfield code="e">20050311</subfield>
   <subfield code="h">Αλφαβητική σειρά</subfield>
   <subfield code="p">41210</subfield>
   <subfield code="q">41210</subfield>
   <subfield code="t">NOLOAN</subfield>
   <subfield code="v">vol.85;no.4331:(Μήνας)December;(Ημέρα)20;(Έτος)2002</subfield>
   <subfield code="y">23</subfield>
  </datafield>
  <datafield tag="852" ind1=" " ind2=" ">
   <subfield code="a">INST</subfield>
   <subfield code="b">UNIPILB</subfield>
   <subfield code="c">SERIALS</subfield>
   <subfield code="e">20050318</subfield>
   <subfield code="h">Αλφαβητική σειρά</subfield>
   <subfield code="p">41511</subfield>
   <subfield code="q">41511</subfield>
   <subfield code="t">NOLOAN</subfield>
   <subfield code="v">vol.86;no.4374:(Μήνας)October;(Ημέρα)17;(Έτος)2003</subfield>
   <subfield code="y">23</subfield>
  </datafield>
  <datafield tag="852" ind1=" " ind2=" ">
   <subfield code="a">INST</subfield>
   <subfield code="b">UNIPILB</subfield>
   <subfield code="c">SERIALS</subfield>
   <subfield code="e">20050321</subfield>
   <subfield code="h">Αλφαβητική σειρά</subfield>
   <subfield code="p">41521</subfield>
   <subfield code="q">41521</subfield>
   <subfield code="t">NOLOAN</subfield>
   <subfield code="v">vol.86;no.4375:(Μήνας)October;(Ημέρα)24;(Έτος)2003</subfield>
   <subfield code="y">23</subfield>
  </datafield>
  <datafield tag="852" ind1=" " ind2=" ">
   <subfield code="a">INST</subfield>
   <subfield code="b">UNIPILB</subfield>
   <subfield code="c">SERIALS</subfield>
   <subfield code="e">20050321</subfield>
   <subfield code="h">Αλφαβητική σειρά</subfield>
   <subfield code="p">41522</subfield>
   <subfield code="q">41522</subfield>
   <subfield code="t">NOLOAN</subfield>
   <subfield code="v">vol.86;no.4376:(Μήνας)October;(Ημέρα)31;(Έτος)2003</subfield>
   <subfield code="y">23</subfield>
  </datafield>
  <datafield tag="852" ind1=" " ind2=" ">
   <subfield code="a">INST</subfield>
   <subfield code="b">UNIPILB</subfield>
   <subfield code="c">SERIALS</subfield>
   <subfield code="e">20050321</subfield>
   <subfield code="h">Αλφαβητική σειρά</subfield>
   <subfield code="p">41526</subfield>
   <subfield code="q">41526</subfield>
   <subfield code="t">NOLOAN</subfield>
   <subfield code="v">vol.86;no.4402:(Μήνας)May;(Ημέρα)7;(Έτος)2004</subfield>
   <subfield code="y">23</subfield>
  </datafield>
  <datafield tag="852" ind1=" " ind2=" ">
   <subfield code="a">INST</subfield>
   <subfield code="b">UNIPILB</subfield>
   <subfield code="c">SERIALS</subfield>
   <subfield code="e">20050321</subfield>
   <subfield code="h">Αλφαβητική σειρά</subfield>
   <subfield code="p">41527</subfield>
   <subfield code="q">41527</subfield>
   <subfield code="t">NOLOAN</subfield>
   <subfield code="v">vol.86;no.4397:(Μήνας)April;(Ημέρα)2;(Έτος)2004</subfield>
   <subfield code="y">23</subfield>
  </datafield>
  <datafield tag="852" ind1=" " ind2=" ">
   <subfield code="a">INST</subfield>
   <subfield code="b">UNIPILB</subfield>
   <subfield code="c">SERIALS</subfield>
   <subfield code="e">20050321</subfield>
   <subfield code="h">Αλφαβητική σειρά</subfield>
   <subfield code="p">41529</subfield>
   <subfield code="q">41529</subfield>
   <subfield code="t">NOLOAN</subfield>
   <subfield code="v">vol.86;no.4403:(Μήνας)May;(Ημέρα)14;(Έτος)2004</subfield>
   <subfield code="y">23</subfield>
  </datafield>
  <datafield tag="852" ind1=" " ind2=" ">
   <subfield code="a">INST</subfield>
   <subfield code="b">UNIPILB</subfield>
   <subfield code="c">SERIALS</subfield>
   <subfield code="e">20050321</subfield>
   <subfield code="h">Αλφαβητική σειρά</subfield>
   <subfield code="p">41530</subfield>
   <subfield code="q">41530</subfield>
   <subfield code="t">NOLOAN</subfield>
   <subfield code="v">vol.86;no.4404:(Μήνας)May;(Ημέρα)21;(Έτος)2004</subfield>
   <subfield code="y">23</subfield>
  </datafield>
  <datafield tag="852" ind1=" " ind2=" ">
   <subfield code="a">INST</subfield>
   <subfield code="b">UNIPILB</subfield>
   <subfield code="c">SERIALS</subfield>
   <subfield code="e">20050321</subfield>
   <subfield code="h">Αλφαβητική σειρά</subfield>
   <subfield code="p">41531</subfield>
   <subfield code="q">41531</subfield>
   <subfield code="t">NOLOAN</subfield>
   <subfield code="v">vol.86;no.4405:(Μήνας)May;(Ημέρα)28;(Έτος)2004</subfield>
   <subfield code="y">23</subfield>
  </datafield>
  <datafield tag="852" ind1=" " ind2=" ">
   <subfield code="a">INST</subfield>
   <subfield code="b">UNIPILB</subfield>
   <subfield code="c">SERIALS</subfield>
   <subfield code="e">20050321</subfield>
   <subfield code="h">Αλφαβητική σειρά</subfield>
   <subfield code="p">41532</subfield>
   <subfield code="q">41532</subfield>
   <subfield code="t">NOLOAN</subfield>
   <subfield code="v">vol.86;no.4406:(Μήνας)June;(Ημέρα)4;(Έτος)2004</subfield>
   <subfield code="y">23</subfield>
  </datafield>
  <datafield tag="852" ind1=" " ind2=" ">
   <subfield code="a">INST</subfield>
   <subfield code="b">UNIPILB</subfield>
   <subfield code="c">SERIALS</subfield>
   <subfield code="e">20050321</subfield>
   <subfield code="h">Αλφαβητική σειρά</subfield>
   <subfield code="p">41533</subfield>
   <subfield code="q">41533</subfield>
   <subfield code="t">NOLOAN</subfield>
   <subfield code="v">vol.86;no.4407:(Μήνας)June;(Ημέρα)11;(Έτος)2004</subfield>
   <subfield code="y">23</subfield>
  </datafield>
  <datafield tag="852" ind1=" " ind2=" ">
   <subfield code="a">INST</subfield>
   <subfield code="b">UNIPILB</subfield>
   <subfield code="c">SERIALS</subfield>
   <subfield code="e">20050321</subfield>
   <subfield code="h">Αλφαβητική σειρά</subfield>
   <subfield code="p">41535</subfield>
   <subfield code="q">41535</subfield>
   <subfield code="t">NOLOAN</subfield>
   <subfield code="v">vol.86;no.4408:(Μήνας)June;(Ημέρα)18;(Έτος)2004</subfield>
   <subfield code="y">23</subfield>
  </datafield>
  <datafield tag="852" ind1=" " ind2=" ">
   <subfield code="a">INST</subfield>
   <subfield code="b">UNIPILB</subfield>
   <subfield code="c">SERIALS</subfield>
   <subfield code="e">20050321</subfield>
   <subfield code="h">Αλφαβητική σειρά</subfield>
   <subfield code="p">41536</subfield>
   <subfield code="q">41536</subfield>
   <subfield code="t">NOLOAN</subfield>
   <subfield code="v">vol.86;no.4409:(Μήνας)June;(Ημέρα)25;(Έτος)2004</subfield>
   <subfield code="y">23</subfield>
  </datafield>
  <datafield tag="852" ind1=" " ind2=" ">
   <subfield code="a">INST</subfield>
   <subfield code="b">UNIPILB</subfield>
   <subfield code="c">SERIALS</subfield>
   <subfield code="e">20050321</subfield>
   <subfield code="h">Αλφαβητική σειρά</subfield>
   <subfield code="p">41537</subfield>
   <subfield code="q">41537</subfield>
   <subfield code="t">NOLOAN</subfield>
   <subfield code="v">vol.86;no.4410:(Μήνας)July;(Ημέρα)2;(Έτος)2004</subfield>
   <subfield code="y">23</subfield>
  </datafield>
  <datafield tag="852" ind1=" " ind2=" ">
   <subfield code="a">INST</subfield>
   <subfield code="b">UNIPILB</subfield>
   <subfield code="c">SERIALS</subfield>
   <subfield code="e">20050321</subfield>
   <subfield code="h">Αλφαβητική σειρά</subfield>
   <subfield code="p">41538</subfield>
   <subfield code="q">41538</subfield>
   <subfield code="t">NOLOAN</subfield>
   <subfield code="v">vol.86;no.4412:(Μήνας)July;(Ημέρα)16;(Έτος)2004</subfield>
   <subfield code="y">23</subfield>
  </datafield>
  <datafield tag="852" ind1=" " ind2=" ">
   <subfield code="a">INST</subfield>
   <subfield code="b">UNIPILB</subfield>
   <subfield code="c">SERIALS</subfield>
   <subfield code="e">20050321</subfield>
   <subfield code="h">Αλφαβητική σειρά</subfield>
   <subfield code="p">41539</subfield>
   <subfield code="q">41539</subfield>
   <subfield code="t">NOLOAN</subfield>
   <subfield code="v">vol.86;no.4416:(Μήνας)August;(Ημέρα)13;(Έτος)2004</subfield>
   <subfield code="y">23</subfield>
  </datafield>
  <datafield tag="852" ind1=" " ind2=" ">
   <subfield code="a">INST</subfield>
   <subfield code="b">UNIPILB</subfield>
   <subfield code="c">SERIALS</subfield>
   <subfield code="e">20050321</subfield>
   <subfield code="h">Αλφαβητική σειρά</subfield>
   <subfield code="p">41540</subfield>
   <subfield code="q">41540</subfield>
   <subfield code="t">NOLOAN</subfield>
   <subfield code="v">vol.86;no.4417:(Μήνας)August;(Ημέρα)20;(Έτος)2004</subfield>
   <subfield code="y">23</subfield>
  </datafield>
  <datafield tag="852" ind1=" " ind2=" ">
   <subfield code="a">INST</subfield>
   <subfield code="b">UNIPILB</subfield>
   <subfield code="c">SERIALS</subfield>
   <subfield code="e">20050321</subfield>
   <subfield code="h">Αλφαβητική σειρά</subfield>
   <subfield code="p">41542</subfield>
   <subfield code="q">41542</subfield>
   <subfield code="t">NOLOAN</subfield>
   <subfield code="v">vol.86;no.4413:(Μήνας)July;(Ημέρα)23;(Έτος)2004</subfield>
   <subfield code="y">23</subfield>
  </datafield>
  <datafield tag="852" ind1=" " ind2=" ">
   <subfield code="a">INST</subfield>
   <subfield code="b">UNIPILB</subfield>
   <subfield code="c">SERIALS</subfield>
   <subfield code="e">20050321</subfield>
   <subfield code="h">Αλφαβητική σειρά</subfield>
   <subfield code="p">41543</subfield>
   <subfield code="q">41543</subfield>
   <subfield code="t">NOLOAN</subfield>
   <subfield code="v">vol.86;no.4414:(Μήνας)July;(Ημέρα)30;(Έτος)2004</subfield>
   <subfield code="y">23</subfield>
  </datafield>
  <datafield tag="852" ind1=" " ind2=" ">
   <subfield code="a">INST</subfield>
   <subfield code="b">UNIPILB</subfield>
   <subfield code="c">SERIALS</subfield>
   <subfield code="e">20050321</subfield>
   <subfield code="h">Αλφαβητική σειρά</subfield>
   <subfield code="p">41544</subfield>
   <subfield code="q">41544</subfield>
   <subfield code="t">NOLOAN</subfield>
   <subfield code="v">vol.86;no.4415:(Μήνας)August;(Ημέρα)6;(Έτος)2004</subfield>
   <subfield code="y">23</subfield>
  </datafield>
  <datafield tag="852" ind1=" " ind2=" ">
   <subfield code="a">INST</subfield>
   <subfield code="b">UNIPILB</subfield>
   <subfield code="c">SERIALS</subfield>
   <subfield code="e">20050322</subfield>
   <subfield code="h">Αλφαβητική σειρά</subfield>
   <subfield code="p">41548</subfield>
   <subfield code="q">41548</subfield>
   <subfield code="t">NOLOAN</subfield>
   <subfield code="v">vol.86;no.4411:(Μήνας)July;(Ημέρα)9;(Έτος)2004</subfield>
   <subfield code="y">23</subfield>
  </datafield>
  <datafield tag="852" ind1=" " ind2=" ">
   <subfield code="a">INST</subfield>
   <subfield code="b">UNIPILB</subfield>
   <subfield code="c">SERIALS</subfield>
   <subfield code="e">20070910</subfield>
   <subfield code="h">Αλφαβητική σειρά</subfield>
   <subfield code="p">56845</subfield>
   <subfield code="q">56845</subfield>
   <subfield code="t">NOLOAN</subfield>
   <subfield code="v">vol.87;no.4497:(Μήνας)February;(Ημέρα)24;(Έτος)2006</subfield>
   <subfield code="y">23</subfield>
  </datafield>
  <datafield tag="852" ind1=" " ind2=" ">
   <subfield code="a">INST</subfield>
   <subfield code="b">UNIPILB</subfield>
   <subfield code="c">SERIALS</subfield>
   <subfield code="e">20070910</subfield>
   <subfield code="h">Αλφαβητική σειρά</subfield>
   <subfield code="p">56846</subfield>
   <subfield code="q">56846</subfield>
   <subfield code="t">NOLOAN</subfield>
   <subfield code="v">vol.87;no.4498:(Μήνας)March;(Ημέρα)3;(Έτος)2006</subfield>
   <subfield code="y">23</subfield>
  </datafield>
  <datafield tag="852" ind1=" " ind2=" ">
   <subfield code="a">INST</subfield>
   <subfield code="b">UNIPILB</subfield>
   <subfield code="c">SERIALS</subfield>
   <subfield code="e">20070910</subfield>
   <subfield code="h">Αλφαβητική σειρά</subfield>
   <subfield code="p">56847</subfield>
   <subfield code="q">56847</subfield>
   <subfield code="t">NOLOAN</subfield>
   <subfield code="v">vol.87;no.4499:(Μήνας)March;(Ημέρα)10;(Έτος)2006</subfield>
   <subfield code="y">23</subfield>
  </datafield>
  <datafield tag="852" ind1=" " ind2=" ">
   <subfield code="a">INST</subfield>
   <subfield code="b">UNIPILB</subfield>
   <subfield code="c">SERIALS</subfield>
   <subfield code="e">20070910</subfield>
   <subfield code="h">Αλφαβητική σειρά</subfield>
   <subfield code="p">56848</subfield>
   <subfield code="q">56848</subfield>
   <subfield code="t">NOLOAN</subfield>
   <subfield code="v">vol.87;no.4500:(Μήνας)March;(Ημέρα)17;(Έτος)2006</subfield>
   <subfield code="y">23</subfield>
  </datafield>
  <datafield tag="852" ind1=" " ind2=" ">
   <subfield code="a">INST</subfield>
   <subfield code="b">UNIPILB</subfield>
   <subfield code="c">SERIALS</subfield>
   <subfield code="e">20070910</subfield>
   <subfield code="h">Αλφαβητική σειρά</subfield>
   <subfield code="p">56849</subfield>
   <subfield code="q">56849</subfield>
   <subfield code="t">NOLOAN</subfield>
   <subfield code="v">vol.87;no.4501:(Μήνας)March;(Ημέρα)24;(Έτος)2006</subfield>
   <subfield code="y">23</subfield>
  </datafield>
  <datafield tag="852" ind1=" " ind2=" ">
   <subfield code="a">INST</subfield>
   <subfield code="b">UNIPILB</subfield>
   <subfield code="c">SERIALS</subfield>
   <subfield code="e">20070910</subfield>
   <subfield code="h">Αλφαβητική σειρά</subfield>
   <subfield code="p">56850</subfield>
   <subfield code="q">56850</subfield>
   <subfield code="t">NOLOAN</subfield>
   <subfield code="v">vol.87;no.4502:(Μήνας)March;(Ημέρα)31;(Έτος)2006</subfield>
   <subfield code="y">23</subfield>
  </datafield>
  <datafield tag="852" ind1=" " ind2=" ">
   <subfield code="a">INST</subfield>
   <subfield code="b">UNIPILB</subfield>
   <subfield code="c">SERIALS</subfield>
   <subfield code="e">20091126</subfield>
   <subfield code="h">Αλφαβητική σειρά</subfield>
   <subfield code="p">65511</subfield>
   <subfield code="q">65511</subfield>
   <subfield code="t">NOLOAN</subfield>
   <subfield code="v">vol.91;no.4668:(Μήνας)May;(Ημέρα)8;(Έτος)2009</subfield>
   <subfield code="y">23</subfield>
  </datafield>
  <datafield tag="852" ind1=" " ind2=" ">
   <subfield code="a">INST</subfield>
   <subfield code="b">UNIPILB</subfield>
   <subfield code="c">SERIALS</subfield>
   <subfield code="e">20091127</subfield>
   <subfield code="h">Αλφαβητική σειρά</subfield>
   <subfield code="p">65530</subfield>
   <subfield code="q">65530</subfield>
   <subfield code="t">NOLOAN</subfield>
   <subfield code="v">vol.91;no.4649/4650:(Μήνας)January;(Ημέρα)9;(Έτος)2009</subfield>
   <subfield code="y">23</subfield>
  </datafield>
  <datafield tag="852" ind1=" " ind2=" ">
   <subfield code="a">INST</subfield>
   <subfield code="b">UNIPILB</subfield>
   <subfield code="c">SERIALS</subfield>
   <subfield code="e">20091127</subfield>
   <subfield code="h">Αλφαβητική σειρά</subfield>
   <subfield code="p">65531</subfield>
   <subfield code="q">65531</subfield>
   <subfield code="t">NOLOAN</subfield>
   <subfield code="v">vol.91;no.4653:(Μήνας)January;(Ημέρα)30;(Έτος)2009</subfield>
   <subfield code="y">23</subfield>
  </datafield>
  <datafield tag="852" ind1=" " ind2=" ">
   <subfield code="a">INST</subfield>
   <subfield code="b">UNIPILB</subfield>
   <subfield code="c">SERIALS</subfield>
   <subfield code="e">20091127</subfield>
   <subfield code="h">Αλφαβητική σειρά</subfield>
   <subfield code="p">65534</subfield>
   <subfield code="q">65534</subfield>
   <subfield code="t">NOLOAN</subfield>
   <subfield code="v">vol.91;no.4660:(Μήνας)March;(Ημέρα)13;(Έτος)2009</subfield>
   <subfield code="y">23</subfield>
  </datafield>
  <datafield tag="852" ind1=" " ind2=" ">
   <subfield code="a">INST</subfield>
   <subfield code="b">UNIPILB</subfield>
   <subfield code="c">SERIALS</subfield>
   <subfield code="e">20091127</subfield>
   <subfield code="h">Αλφαβητική σειρά</subfield>
   <subfield code="p">65535</subfield>
   <subfield code="q">65535</subfield>
   <subfield code="t">NOLOAN</subfield>
   <subfield code="v">vol.91;no.4662:(Μήνας)March;(Ημέρα)27;(Έτος)2009</subfield>
   <subfield code="y">23</subfield>
  </datafield>
  <datafield tag="852" ind1=" " ind2=" ">
   <subfield code="a">INST</subfield>
   <subfield code="b">UNIPILB</subfield>
   <subfield code="c">SERIALS</subfield>
   <subfield code="e">20100226</subfield>
   <subfield code="h">Αλφαβητική σειρά</subfield>
   <subfield code="p">67116</subfield>
   <subfield code="q">67116</subfield>
   <subfield code="t">NOLOAN</subfield>
   <subfield code="v">vol.91;no.4689:(Μήνας)October;(Ημέρα)16;(Έτος)2009</subfield>
   <subfield code="y">23</subfield>
  </datafield>
  <datafield tag="852" ind1=" " ind2=" ">
   <subfield code="a">INST</subfield>
   <subfield code="b">UNIPILB</subfield>
   <subfield code="c">SERIALS</subfield>
   <subfield code="e">20100226</subfield>
   <subfield code="h">Αλφαβητική σειρά</subfield>
   <subfield code="p">67117</subfield>
   <subfield code="q">67117</subfield>
   <subfield code="t">NOLOAN</subfield>
   <subfield code="v">vol.91;no.4670-4671:(Μήνας)May;(Ημέρα)22;(Έτος)2009</subfield>
   <subfield code="y">23</subfield>
  </datafield>
  <datafield tag="852" ind1=" " ind2=" ">
   <subfield code="a">INST</subfield>
   <subfield code="b">UNIPILB</subfield>
   <subfield code="c">SERIALS</subfield>
   <subfield code="e">20100226</subfield>
   <subfield code="h">Αλφαβητική σειρά</subfield>
   <subfield code="p">67118</subfield>
   <subfield code="q">67118</subfield>
   <subfield code="t">NOLOAN</subfield>
   <subfield code="v">vol.91;no.4672:(Μήνας)June;(Ημέρα)5;(Έτος)2009</subfield>
   <subfield code="y">23</subfield>
  </datafield>
  <datafield tag="852" ind1=" " ind2=" ">
   <subfield code="a">INST</subfield>
   <subfield code="b">UNIPILB</subfield>
   <subfield code="c">SERIALS</subfield>
   <subfield code="e">20100226</subfield>
   <subfield code="h">Αλφαβητική σειρά</subfield>
   <subfield code="p">67119</subfield>
   <subfield code="q">67119</subfield>
   <subfield code="t">NOLOAN</subfield>
   <subfield code="v">vol.91;no.4673:(Μήνας)June;(Ημέρα)12;(Έτος)2009</subfield>
   <subfield code="y">23</subfield>
  </datafield>
  <datafield tag="852" ind1=" " ind2=" ">
   <subfield code="a">INST</subfield>
   <subfield code="b">UNIPILB</subfield>
   <subfield code="c">SERIALS</subfield>
   <subfield code="e">20100226</subfield>
   <subfield code="h">Αλφαβητική σειρά</subfield>
   <subfield code="p">67120</subfield>
   <subfield code="q">67120</subfield>
   <subfield code="t">NOLOAN</subfield>
   <subfield code="v">vol.91;no.4674:(Μήνας)June;(Ημέρα)19;(Έτος)2009</subfield>
   <subfield code="y">23</subfield>
  </datafield>
  <datafield tag="852" ind1=" " ind2=" ">
   <subfield code="a">INST</subfield>
   <subfield code="b">UNIPILB</subfield>
   <subfield code="c">SERIALS</subfield>
   <subfield code="e">20100226</subfield>
   <subfield code="h">Αλφαβητική σειρά</subfield>
   <subfield code="p">67121</subfield>
   <subfield code="q">67121</subfield>
   <subfield code="t">NOLOAN</subfield>
   <subfield code="v">vol.91;no.4675:(Μήνας)June;(Ημέρα)26;(Έτος)2009</subfield>
   <subfield code="y">23</subfield>
  </datafield>
  <datafield tag="852" ind1=" " ind2=" ">
   <subfield code="a">INST</subfield>
   <subfield code="b">UNIPILB</subfield>
   <subfield code="c">SERIALS</subfield>
   <subfield code="e">20100226</subfield>
   <subfield code="h">Αλφαβητική σειρά</subfield>
   <subfield code="p">67122</subfield>
   <subfield code="q">67122</subfield>
   <subfield code="t">NOLOAN</subfield>
   <subfield code="v">vol.91;no.4676-4677:(Μήνας)July;(Ημέρα)3;(Έτος)2009</subfield>
   <subfield code="y">23</subfield>
  </datafield>
  <datafield tag="852" ind1=" " ind2=" ">
   <subfield code="a">INST</subfield>
   <subfield code="b">UNIPILB</subfield>
   <subfield code="c">SERIALS</subfield>
   <subfield code="e">20100226</subfield>
   <subfield code="h">Αλφαβητική σειρά</subfield>
   <subfield code="p">67123</subfield>
   <subfield code="q">67123</subfield>
   <subfield code="t">NOLOAN</subfield>
   <subfield code="v">vol.91;no.4678:(Μήνας)July;(Ημέρα)10;(Έτος)2009</subfield>
   <subfield code="y">23</subfield>
  </datafield>
  <datafield tag="852" ind1=" " ind2=" ">
   <subfield code="a">INST</subfield>
   <subfield code="b">UNIPILB</subfield>
   <subfield code="c">SERIALS</subfield>
   <subfield code="e">20100226</subfield>
   <subfield code="h">Αλφαβητική σειρά</subfield>
   <subfield code="p">67124</subfield>
   <subfield code="q">67124</subfield>
   <subfield code="t">NOLOAN</subfield>
   <subfield code="v">vol.91;no.4679-4680:(Μήνας)July;(Ημέρα)17;(Έτος)2009</subfield>
   <subfield code="y">23</subfield>
  </datafield>
  <datafield tag="852" ind1=" " ind2=" ">
   <subfield code="a">INST</subfield>
   <subfield code="b">UNIPILB</subfield>
   <subfield code="c">SERIALS</subfield>
   <subfield code="e">20100226</subfield>
   <subfield code="h">Αλφαβητική σειρά</subfield>
   <subfield code="p">67125</subfield>
   <subfield code="q">67125</subfield>
   <subfield code="t">NOLOAN</subfield>
   <subfield code="v">vol.91;no.4683:(Μήνας)September;(Ημέρα)4;(Έτος)2009</subfield>
   <subfield code="y">23</subfield>
  </datafield>
  <datafield tag="852" ind1=" " ind2=" ">
   <subfield code="a">INST</subfield>
   <subfield code="b">UNIPILB</subfield>
   <subfield code="c">SERIALS</subfield>
   <subfield code="e">20101110</subfield>
   <subfield code="h">Αλφαβητική σειρά</subfield>
   <subfield code="p">70522</subfield>
   <subfield code="q">70522</subfield>
   <subfield code="t">NOLOAN</subfield>
   <subfield code="v">vol.92;no.4732-4733:(Μήνας)August;(Ημέρα)27;(Έτος)2010</subfield>
   <subfield code="y">23</subfield>
  </datafield>
  <datafield tag="852" ind1=" " ind2=" ">
   <subfield code="a">INST</subfield>
   <subfield code="b">UNIPILB</subfield>
   <subfield code="c">SERIALS</subfield>
   <subfield code="e">20101110</subfield>
   <subfield code="h">Αλφαβητική σειρά</subfield>
   <subfield code="p">70523</subfield>
   <subfield code="q">70523</subfield>
   <subfield code="t">NOLOAN</subfield>
   <subfield code="v">vol.92;no.4734:(Μήνας)September;(Ημέρα)3;(Έτος)2010</subfield>
   <subfield code="y">23</subfield>
  </datafield>
  <datafield tag="852" ind1=" " ind2=" ">
   <subfield code="a">INST</subfield>
   <subfield code="b">UNIPILB</subfield>
   <subfield code="c">SERIALS</subfield>
   <subfield code="e">20101110</subfield>
   <subfield code="h">Αλφαβητική σειρά</subfield>
   <subfield code="p">70524</subfield>
   <subfield code="q">70524</subfield>
   <subfield code="t">NOLOAN</subfield>
   <subfield code="v">vol.92;no.4735:(Μήνας)September;(Ημέρα)10;(Έτος)2010</subfield>
   <subfield code="y">23</subfield>
  </datafield>
  <datafield tag="852" ind1=" " ind2=" ">
   <subfield code="a">INST</subfield>
   <subfield code="b">UNIPILB</subfield>
   <subfield code="c">SERIALS</subfield>
   <subfield code="e">20101110</subfield>
   <subfield code="h">Αλφαβητική σειρά</subfield>
   <subfield code="p">70525</subfield>
   <subfield code="q">70525</subfield>
   <subfield code="t">NOLOAN</subfield>
   <subfield code="v">vol.92;no.4736:(Μήνας)September;(Ημέρα)17;(Έτος)2010</subfield>
   <subfield code="y">23</subfield>
  </datafield>
  <datafield tag="852" ind1=" " ind2=" ">
   <subfield code="a">INST</subfield>
   <subfield code="b">UNIPILB</subfield>
   <subfield code="c">SERIALS</subfield>
   <subfield code="e">20101110</subfield>
   <subfield code="h">Αλφαβητική σειρά</subfield>
   <subfield code="p">70526</subfield>
   <subfield code="q">70526</subfield>
   <subfield code="t">NOLOAN</subfield>
   <subfield code="v">vol.92;no.4737:(Μήνας)September;(Ημέρα)24;(Έτος)2010</subfield>
   <subfield code="y">23</subfield>
  </datafield>
  <datafield tag="852" ind1=" " ind2=" ">
   <subfield code="a">INST</subfield>
   <subfield code="b">UNIPILB</subfield>
   <subfield code="c">SERIALS</subfield>
   <subfield code="e">20101115</subfield>
   <subfield code="h">Αλφαβητική σειρά</subfield>
   <subfield code="p">70581</subfield>
   <subfield code="q">70581</subfield>
   <subfield code="t">NOLOAN</subfield>
   <subfield code="v">vol.92;no.4738:(Μήνας)October;(Ημέρα)1;(Έτος)2010</subfield>
   <subfield code="y">23</subfield>
  </datafield>
  <datafield tag="852" ind1=" " ind2=" ">
   <subfield code="a">INST</subfield>
   <subfield code="b">UNIPILB</subfield>
   <subfield code="c">SERIALS</subfield>
   <subfield code="e">20101115</subfield>
   <subfield code="h">Αλφαβητική σειρά</subfield>
   <subfield code="p">70582</subfield>
   <subfield code="q">70582</subfield>
   <subfield code="t">NOLOAN</subfield>
   <subfield code="v">vol.92;no.4739:(Μήνας)October;(Ημέρα)8;(Έτος)2010</subfield>
   <subfield code="y">23</subfield>
  </datafield>
  <datafield tag="852" ind1=" " ind2=" ">
   <subfield code="a">INST</subfield>
   <subfield code="b">UNIPILB</subfield>
   <subfield code="c">SERIALS</subfield>
   <subfield code="e">20101115</subfield>
   <subfield code="h">Αλφαβητική σειρά</subfield>
   <subfield code="p">70583</subfield>
   <subfield code="q">70583</subfield>
   <subfield code="t">NOLOAN</subfield>
   <subfield code="v">vol.92;no.4740:(Μήνας)October;(Ημέρα)15;(Έτος)2010</subfield>
   <subfield code="y">23</subfield>
  </datafield>
  <datafield tag="852" ind1=" " ind2=" ">
   <subfield code="a">INST</subfield>
   <subfield code="b">UNIPILB</subfield>
   <subfield code="c">SERIALS</subfield>
   <subfield code="e">20101115</subfield>
   <subfield code="h">Αλφαβητική σειρά</subfield>
   <subfield code="p">70584</subfield>
   <subfield code="q">70584</subfield>
   <subfield code="t">NOLOAN</subfield>
   <subfield code="v">vol.92;no.4741:(Μήνας)October;(Ημέρα)22;(Έτος)2010</subfield>
   <subfield code="y">23</subfield>
  </datafield>
  <datafield tag="852" ind1=" " ind2=" ">
   <subfield code="a">INST</subfield>
   <subfield code="b">UNIPILB</subfield>
   <subfield code="c">SERIALS</subfield>
   <subfield code="e">20101115</subfield>
   <subfield code="h">Αλφαβητική σειρά</subfield>
   <subfield code="p">70585</subfield>
   <subfield code="q">70585</subfield>
   <subfield code="t">NOLOAN</subfield>
   <subfield code="v">vol.92;no.4742:(Μήνας)October;(Ημέρα)29;(Έτος)2010</subfield>
   <subfield code="y">23</subfield>
  </datafield>
  <datafield tag="852" ind1=" " ind2=" ">
   <subfield code="a">INST</subfield>
   <subfield code="b">UNIPILB</subfield>
   <subfield code="c">SERIALS</subfield>
   <subfield code="e">20110118</subfield>
   <subfield code="h">Αλφαβητική σειρά</subfield>
   <subfield code="p">70821</subfield>
   <subfield code="q">70821</subfield>
   <subfield code="t">NOLOAN</subfield>
   <subfield code="v">vol.92;no.4743/4744:(Μήνας)November;(Ημέρα)12;(Έτος)2010</subfield>
   <subfield code="y">23</subfield>
  </datafield>
  <datafield tag="852" ind1=" " ind2=" ">
   <subfield code="a">INST</subfield>
   <subfield code="b">UNIPILB</subfield>
   <subfield code="c">SERIALS</subfield>
   <subfield code="e">20110118</subfield>
   <subfield code="h">Αλφαβητική σειρά</subfield>
   <subfield code="p">70822</subfield>
   <subfield code="q">70822</subfield>
   <subfield code="t">NOLOAN</subfield>
   <subfield code="v">vol.92;no.4745:(Μήνας)November;(Ημέρα)19;(Έτος)2010</subfield>
   <subfield code="y">23</subfield>
  </datafield>
  <datafield tag="852" ind1=" " ind2=" ">
   <subfield code="a">INST</subfield>
   <subfield code="b">UNIPILB</subfield>
   <subfield code="c">SERIALS</subfield>
   <subfield code="e">20110118</subfield>
   <subfield code="h">Αλφαβητική σειρά</subfield>
   <subfield code="p">70823</subfield>
   <subfield code="q">70823</subfield>
   <subfield code="t">NOLOAN</subfield>
   <subfield code="v">vol.92;no.4746:(Μήνας)November;(Ημέρα)26;(Έτος)2010</subfield>
   <subfield code="y">23</subfield>
  </datafield>
  <datafield tag="852" ind1=" " ind2=" ">
   <subfield code="a">INST</subfield>
   <subfield code="b">UNIPILB</subfield>
   <subfield code="c">SERIALS</subfield>
   <subfield code="e">20110125</subfield>
   <subfield code="h">Αλφαβητική σειρά</subfield>
   <subfield code="p">70938</subfield>
   <subfield code="q">70938</subfield>
   <subfield code="t">NOLOAN</subfield>
   <subfield code="v">vol.92;no.4747:(Μήνας)December;(Ημέρα)3;(Έτος)2010</subfield>
   <subfield code="y">23</subfield>
  </datafield>
  <datafield tag="852" ind1=" " ind2=" ">
   <subfield code="a">INST</subfield>
   <subfield code="b">UNIPILB</subfield>
   <subfield code="c">SERIALS</subfield>
   <subfield code="e">20110125</subfield>
   <subfield code="h">Αλφαβητική σειρά</subfield>
   <subfield code="p">70939</subfield>
   <subfield code="q">70939</subfield>
   <subfield code="t">NOLOAN</subfield>
   <subfield code="v">vol.92;no.4748:(Μήνας)December;(Ημέρα)10;(Έτος)2010</subfield>
   <subfield code="y">23</subfield>
  </datafield>
  <datafield tag="852" ind1=" " ind2=" ">
   <subfield code="a">INST</subfield>
   <subfield code="b">UNIPILB</subfield>
   <subfield code="c">SERIALS</subfield>
   <subfield code="e">20110125</subfield>
   <subfield code="h">Αλφαβητική σειρά</subfield>
   <subfield code="p">70940</subfield>
   <subfield code="q">70940</subfield>
   <subfield code="t">NOLOAN</subfield>
   <subfield code="v">vol.92;no.4749:(Μήνας)December;(Ημέρα)17;(Έτος)2010</subfield>
   <subfield code="y">23</subfield>
  </datafield>
  <datafield tag="852" ind1=" " ind2=" ">
   <subfield code="a">INST</subfield>
   <subfield code="b">UNIPILB</subfield>
   <subfield code="c">SERIALS</subfield>
   <subfield code="e">20110125</subfield>
   <subfield code="h">Αλφαβητική σειρά</subfield>
   <subfield code="p">70941</subfield>
   <subfield code="q">70941</subfield>
   <subfield code="t">NOLOAN</subfield>
   <subfield code="v">vol.92;no.4750-4751:(Μήνας)December;(Ημέρα)24;(Έτος)2010</subfield>
   <subfield code="y">23</subfield>
  </datafield>
  <datafield tag="852" ind1=" " ind2=" ">
   <subfield code="a">INST</subfield>
   <subfield code="b">UNIPILB</subfield>
   <subfield code="c">SERIALS</subfield>
   <subfield code="e">20110616</subfield>
   <subfield code="h">Αλφαβητική σειρά</subfield>
   <subfield code="p">71935</subfield>
   <subfield code="q">71935</subfield>
   <subfield code="t">NOLOAN</subfield>
   <subfield code="v">vol.93;no.4766:(Μήνας)April;(Ημέρα)15;(Έτος)2011</subfield>
   <subfield code="y">23</subfield>
  </datafield>
  <datafield tag="852" ind1=" " ind2=" ">
   <subfield code="a">INST</subfield>
   <subfield code="b">UNIPILB</subfield>
   <subfield code="c">SERIALS</subfield>
   <subfield code="e">20110616</subfield>
   <subfield code="h">Αλφαβητική σειρά</subfield>
   <subfield code="p">71936</subfield>
   <subfield code="q">71936</subfield>
   <subfield code="t">NOLOAN</subfield>
   <subfield code="v">vol.93;no.4767:(Μήνας)April;(Ημέρα)22;(Έτος)2011</subfield>
   <subfield code="y">23</subfield>
  </datafield>
  <datafield tag="852" ind1=" " ind2=" ">
   <subfield code="a">INST</subfield>
   <subfield code="b">UNIPILB</subfield>
   <subfield code="c">SERIALS</subfield>
   <subfield code="e">20110616</subfield>
   <subfield code="h">Αλφαβητική σειρά</subfield>
   <subfield code="p">71937</subfield>
   <subfield code="q">71937</subfield>
   <subfield code="t">NOLOAN</subfield>
   <subfield code="v">vol.93;no.4768:(Μήνας)April;(Ημέρα)29;(Έτος)2011</subfield>
   <subfield code="y">23</subfield>
  </datafield>
  <datafield tag="852" ind1=" " ind2=" ">
   <subfield code="a">INST</subfield>
   <subfield code="b">UNIPILB</subfield>
   <subfield code="c">SERIALS</subfield>
   <subfield code="e">20110616</subfield>
   <subfield code="h">Αλφαβητική σειρά</subfield>
   <subfield code="p">71938</subfield>
   <subfield code="q">71938</subfield>
   <subfield code="t">NOLOAN</subfield>
   <subfield code="v">vol.93;no.4769:(Μήνας)May;(Ημέρα)6;(Έτος)2011</subfield>
   <subfield code="y">23</subfield>
  </datafield>
  <datafield tag="852" ind1=" " ind2=" ">
   <subfield code="a">INST</subfield>
   <subfield code="b">UNIPILB</subfield>
   <subfield code="c">SERIALS</subfield>
   <subfield code="e">20110629</subfield>
   <subfield code="h">Αλφαβητική σειρά</subfield>
   <subfield code="p">72107</subfield>
   <subfield code="q">72107</subfield>
   <subfield code="t">NOLOAN</subfield>
   <subfield code="v">vol.93;no.4752-4753:(Μήνας)January;(Ημέρα)14;(Έτος)2011</subfield>
   <subfield code="y">23</subfield>
  </datafield>
  <datafield tag="852" ind1=" " ind2=" ">
   <subfield code="a">INST</subfield>
   <subfield code="b">UNIPILB</subfield>
   <subfield code="c">SERIALS</subfield>
   <subfield code="e">20110629</subfield>
   <subfield code="h">Αλφαβητική σειρά</subfield>
   <subfield code="p">72108</subfield>
   <subfield code="q">72108</subfield>
   <subfield code="t">NOLOAN</subfield>
   <subfield code="v">vol.93;no.4754:(Μήνας)January;(Ημέρα)21;(Έτος)2011</subfield>
   <subfield code="y">23</subfield>
  </datafield>
  <datafield tag="852" ind1=" " ind2=" ">
   <subfield code="a">INST</subfield>
   <subfield code="b">UNIPILB</subfield>
   <subfield code="c">SERIALS</subfield>
   <subfield code="e">20110629</subfield>
   <subfield code="h">Αλφαβητική σειρά</subfield>
   <subfield code="p">72109</subfield>
   <subfield code="q">72109</subfield>
   <subfield code="t">NOLOAN</subfield>
   <subfield code="v">vol.93;no.4755:(Μήνας)January;(Ημέρα)28;(Έτος)2011</subfield>
   <subfield code="y">23</subfield>
  </datafield>
  <datafield tag="852" ind1=" " ind2=" ">
   <subfield code="a">INST</subfield>
   <subfield code="b">UNIPILB</subfield>
   <subfield code="c">SERIALS</subfield>
   <subfield code="e">20110629</subfield>
   <subfield code="h">Αλφαβητική σειρά</subfield>
   <subfield code="p">72110</subfield>
   <subfield code="q">72110</subfield>
   <subfield code="t">NOLOAN</subfield>
   <subfield code="v">vol.93;no.4756:(Μήνας)February;(Ημέρα)4;(Έτος)2011</subfield>
   <subfield code="y">23</subfield>
  </datafield>
  <datafield tag="852" ind1=" " ind2=" ">
   <subfield code="a">INST</subfield>
   <subfield code="b">UNIPILB</subfield>
   <subfield code="c">SERIALS</subfield>
   <subfield code="e">20110629</subfield>
   <subfield code="h">Αλφαβητική σειρά</subfield>
   <subfield code="p">72111</subfield>
   <subfield code="q">72111</subfield>
   <subfield code="t">NOLOAN</subfield>
   <subfield code="v">vol.93;no.4757:(Μήνας)February;(Ημέρα)11;(Έτος)2011</subfield>
   <subfield code="y">23</subfield>
  </datafield>
  <datafield tag="852" ind1=" " ind2=" ">
   <subfield code="a">INST</subfield>
   <subfield code="b">UNIPILB</subfield>
   <subfield code="c">SERIALS</subfield>
   <subfield code="e">20110629</subfield>
   <subfield code="h">Αλφαβητική σειρά</subfield>
   <subfield code="p">72112</subfield>
   <subfield code="q">72112</subfield>
   <subfield code="t">NOLOAN</subfield>
   <subfield code="v">vol.93;no.4758:(Μήνας)February;(Ημέρα)18;(Έτος)2011</subfield>
   <subfield code="y">23</subfield>
  </datafield>
  <datafield tag="852" ind1=" " ind2=" ">
   <subfield code="a">INST</subfield>
   <subfield code="b">UNIPILB</subfield>
   <subfield code="c">SERIALS</subfield>
   <subfield code="e">20110629</subfield>
   <subfield code="h">Αλφαβητική σειρά</subfield>
   <subfield code="p">72113</subfield>
   <subfield code="q">72113</subfield>
   <subfield code="t">NOLOAN</subfield>
   <subfield code="v">vol.93;no.4759:(Μήνας)February;(Ημέρα)25;(Έτος)2011</subfield>
   <subfield code="y">23</subfield>
  </datafield>
  <datafield tag="852" ind1=" " ind2=" ">
   <subfield code="a">INST</subfield>
   <subfield code="b">UNIPILB</subfield>
   <subfield code="c">SERIALS</subfield>
   <subfield code="e">20110629</subfield>
   <subfield code="h">Αλφαβητική σειρά</subfield>
   <subfield code="p">72114</subfield>
   <subfield code="q">72114</subfield>
   <subfield code="t">NOLOAN</subfield>
   <subfield code="v">vol.93;no.4760:(Μήνας)March;(Ημέρα)4;(Έτος)2011</subfield>
   <subfield code="y">23</subfield>
  </datafield>
  <datafield tag="852" ind1=" " ind2=" ">
   <subfield code="a">INST</subfield>
   <subfield code="b">UNIPILB</subfield>
   <subfield code="c">SERIALS</subfield>
   <subfield code="e">20110629</subfield>
   <subfield code="h">Αλφαβητική σειρά</subfield>
   <subfield code="p">72115</subfield>
   <subfield code="q">72115</subfield>
   <subfield code="t">NOLOAN</subfield>
   <subfield code="v">vol.93;no.4761:(Μήνας)March;(Ημέρα)11;(Έτος)2011</subfield>
   <subfield code="y">23</subfield>
  </datafield>
  <datafield tag="852" ind1=" " ind2=" ">
   <subfield code="a">INST</subfield>
   <subfield code="b">UNIPILB</subfield>
   <subfield code="c">SERIALS</subfield>
   <subfield code="e">20110629</subfield>
   <subfield code="h">Αλφαβητική σειρά</subfield>
   <subfield code="p">72116</subfield>
   <subfield code="q">72116</subfield>
   <subfield code="t">NOLOAN</subfield>
   <subfield code="v">vol.93;no.4762:(Μήνας)March;(Ημέρα)18;(Έτος)2011</subfield>
   <subfield code="y">23</subfield>
  </datafield>
  <datafield tag="852" ind1=" " ind2=" ">
   <subfield code="a">INST</subfield>
   <subfield code="b">UNIPILB</subfield>
   <subfield code="c">SERIALS</subfield>
   <subfield code="e">20110629</subfield>
   <subfield code="h">Αλφαβητική σειρά</subfield>
   <subfield code="p">72117</subfield>
   <subfield code="q">72117</subfield>
   <subfield code="t">NOLOAN</subfield>
   <subfield code="v">vol.93;no.4763:(Μήνας)March;(Ημέρα)25;(Έτος)2011</subfield>
   <subfield code="y">23</subfield>
  </datafield>
  <datafield tag="852" ind1=" " ind2=" ">
   <subfield code="a">INST</subfield>
   <subfield code="b">UNIPILB</subfield>
   <subfield code="c">SERIALS</subfield>
   <subfield code="e">20110629</subfield>
   <subfield code="h">Αλφαβητική σειρά</subfield>
   <subfield code="p">72118</subfield>
   <subfield code="q">72118</subfield>
   <subfield code="t">NOLOAN</subfield>
   <subfield code="v">vol.93;no.4764:(Μήνας)April;(Ημέρα)1;(Έτος)2011</subfield>
   <subfield code="y">23</subfield>
  </datafield>
  <datafield tag="852" ind1=" " ind2=" ">
   <subfield code="a">INST</subfield>
   <subfield code="b">UNIPILB</subfield>
   <subfield code="c">SERIALS</subfield>
   <subfield code="e">20110629</subfield>
   <subfield code="h">Αλφαβητική σειρά</subfield>
   <subfield code="p">72119</subfield>
   <subfield code="q">72119</subfield>
   <subfield code="t">NOLOAN</subfield>
   <subfield code="v">vol.93;no.4765:(Μήνας)April;(Ημέρα)8;(Έτος)2011</subfield>
   <subfield code="y">23</subfield>
  </datafield>
  <datafield tag="852" ind1=" " ind2=" ">
   <subfield code="a">INST</subfield>
   <subfield code="b">UNIPILB</subfield>
   <subfield code="c">SERIALS</subfield>
   <subfield code="e">20110831</subfield>
   <subfield code="h">Αλφαβητική σειρά</subfield>
   <subfield code="p">72643</subfield>
   <subfield code="q">72643</subfield>
   <subfield code="t">NOLOAN</subfield>
   <subfield code="v">vol.93;no.4781:(Μήνας)July;(Ημέρα)29;(Έτος)2011</subfield>
   <subfield code="y">23</subfield>
  </datafield>
  <datafield tag="852" ind1=" " ind2=" ">
   <subfield code="a">INST</subfield>
   <subfield code="b">UNIPILB</subfield>
   <subfield code="c">SERIALS</subfield>
   <subfield code="e">20110928</subfield>
   <subfield code="h">Αλφαβητική σειρά</subfield>
   <subfield code="p">72787</subfield>
   <subfield code="q">72787</subfield>
   <subfield code="t">NOLOAN</subfield>
   <subfield code="v">vol.93;no.4782:(Μήνας)August;(Ημέρα)12;(Έτος)2011</subfield>
   <subfield code="y">23</subfield>
  </datafield>
  <datafield tag="852" ind1=" " ind2=" ">
   <subfield code="a">INST</subfield>
   <subfield code="b">UNIPILB</subfield>
   <subfield code="c">SERIALS</subfield>
   <subfield code="e">20110928</subfield>
   <subfield code="h">Αλφαβητική σειρά</subfield>
   <subfield code="p">72788</subfield>
   <subfield code="q">72788</subfield>
   <subfield code="t">NOLOAN</subfield>
   <subfield code="v">vol.94;no.4785:(Μήνας)September;(Ημέρα)2;(Έτος)2011</subfield>
   <subfield code="y">23</subfield>
  </datafield>
  <datafield tag="852" ind1=" " ind2=" ">
   <subfield code="a">INST</subfield>
   <subfield code="b">UNIPILB</subfield>
   <subfield code="c">SERIALS</subfield>
   <subfield code="e">20111003</subfield>
   <subfield code="h">Αλφαβητική σειρά</subfield>
   <subfield code="p">72874</subfield>
   <subfield code="q">72874</subfield>
   <subfield code="t">NOLOAN</subfield>
   <subfield code="v">vol.93;no.4770:(Μήνας)May;(Ημέρα)13;(Έτος)2011</subfield>
   <subfield code="y">23</subfield>
  </datafield>
  <datafield tag="852" ind1=" " ind2=" ">
   <subfield code="a">INST</subfield>
   <subfield code="b">UNIPILB</subfield>
   <subfield code="c">SERIALS</subfield>
   <subfield code="e">20111003</subfield>
   <subfield code="h">Αλφαβητική σειρά</subfield>
   <subfield code="p">72875</subfield>
   <subfield code="q">72875</subfield>
   <subfield code="t">NOLOAN</subfield>
   <subfield code="v">vol.93;no.4771:(Μήνας)May;(Ημέρα)20;(Έτος)2011</subfield>
   <subfield code="y">23</subfield>
  </datafield>
  <datafield tag="852" ind1=" " ind2=" ">
   <subfield code="a">INST</subfield>
   <subfield code="b">UNIPILB</subfield>
   <subfield code="c">SERIALS</subfield>
   <subfield code="e">20111003</subfield>
   <subfield code="h">Αλφαβητική σειρά</subfield>
   <subfield code="p">72876</subfield>
   <subfield code="q">72876</subfield>
   <subfield code="t">NOLOAN</subfield>
   <subfield code="v">vol.93;no.4772:(Μήνας)May;(Ημέρα)27;(Έτος)2011</subfield>
   <subfield code="y">23</subfield>
  </datafield>
  <datafield tag="852" ind1=" " ind2=" ">
   <subfield code="a">INST</subfield>
   <subfield code="b">UNIPILB</subfield>
   <subfield code="c">SERIALS</subfield>
   <subfield code="e">20111003</subfield>
   <subfield code="h">Αλφαβητική σειρά</subfield>
   <subfield code="p">72877</subfield>
   <subfield code="q">72877</subfield>
   <subfield code="t">NOLOAN</subfield>
   <subfield code="v">vol.93;no.4773:(Μήνας)June;(Ημέρα)3;(Έτος)2011</subfield>
   <subfield code="y">23</subfield>
  </datafield>
  <datafield tag="852" ind1=" " ind2=" ">
   <subfield code="a">INST</subfield>
   <subfield code="b">UNIPILB</subfield>
   <subfield code="c">SERIALS</subfield>
   <subfield code="e">20111003</subfield>
   <subfield code="h">Αλφαβητική σειρά</subfield>
   <subfield code="p">72879</subfield>
   <subfield code="q">72879</subfield>
   <subfield code="t">NOLOAN</subfield>
   <subfield code="v">vol.93;no.4774-4775:(Μήνας)June;(Ημέρα)17;(Έτος)2011</subfield>
   <subfield code="y">23</subfield>
  </datafield>
  <datafield tag="852" ind1=" " ind2=" ">
   <subfield code="a">INST</subfield>
   <subfield code="b">UNIPILB</subfield>
   <subfield code="c">SERIALS</subfield>
   <subfield code="e">20111003</subfield>
   <subfield code="h">Αλφαβητική σειρά</subfield>
   <subfield code="p">72880</subfield>
   <subfield code="q">72880</subfield>
   <subfield code="t">NOLOAN</subfield>
   <subfield code="v">vol.93;no.4776:(Μήνας)June;(Ημέρα)24;(Έτος)2011</subfield>
   <subfield code="y">23</subfield>
  </datafield>
  <datafield tag="852" ind1=" " ind2=" ">
   <subfield code="a">INST</subfield>
   <subfield code="b">UNIPILB</subfield>
   <subfield code="c">SERIALS</subfield>
   <subfield code="e">20111003</subfield>
   <subfield code="h">Αλφαβητική σειρά</subfield>
   <subfield code="p">72881</subfield>
   <subfield code="q">72881</subfield>
   <subfield code="t">NOLOAN</subfield>
   <subfield code="v">vol.93;no.4777:(Μήνας)July;(Ημέρα)1;(Έτος)2011</subfield>
   <subfield code="y">23</subfield>
  </datafield>
  <datafield tag="852" ind1=" " ind2=" ">
   <subfield code="a">INST</subfield>
   <subfield code="b">UNIPILB</subfield>
   <subfield code="c">SERIALS</subfield>
   <subfield code="e">20111003</subfield>
   <subfield code="h">Αλφαβητική σειρά</subfield>
   <subfield code="p">72882</subfield>
   <subfield code="q">72882</subfield>
   <subfield code="t">NOLOAN</subfield>
   <subfield code="v">vol.93;no.4778:(Μήνας)July;(Ημέρα)8;(Έτος)2011</subfield>
   <subfield code="y">23</subfield>
  </datafield>
  <datafield tag="852" ind1=" " ind2=" ">
   <subfield code="a">INST</subfield>
   <subfield code="b">UNIPILB</subfield>
   <subfield code="c">SERIALS</subfield>
   <subfield code="e">20111003</subfield>
   <subfield code="h">Αλφαβητική σειρά</subfield>
   <subfield code="p">72883</subfield>
   <subfield code="q">72883</subfield>
   <subfield code="t">NOLOAN</subfield>
   <subfield code="v">vol.93;no.4779-4780:(Μήνας)July;(Ημέρα)15;(Έτος)2011</subfield>
   <subfield code="y">23</subfield>
  </datafield>
  <datafield tag="852" ind1=" " ind2=" ">
   <subfield code="a">INST</subfield>
   <subfield code="b">UNIPILB</subfield>
   <subfield code="c">SERIALS</subfield>
   <subfield code="e">20111003</subfield>
   <subfield code="h">Αλφαβητική σειρά</subfield>
   <subfield code="p">72884</subfield>
   <subfield code="q">72884</subfield>
   <subfield code="t">NOLOAN</subfield>
   <subfield code="v">vol.94;no.4786:(Μήνας)September;(Ημέρα)9;(Έτος)2011</subfield>
   <subfield code="y">23</subfield>
  </datafield>
  <datafield tag="852" ind1=" " ind2=" ">
   <subfield code="a">INST</subfield>
   <subfield code="b">UNIPILB</subfield>
   <subfield code="c">SERIALS</subfield>
   <subfield code="e">20111027</subfield>
   <subfield code="h">Αλφαβητική σειρά</subfield>
   <subfield code="p">73111</subfield>
   <subfield code="q">73111</subfield>
   <subfield code="t">NOLOAN</subfield>
   <subfield code="v">vol.94;no.4787/4788:(Μήνας)September;(Ημέρα)16;(Έτος)2011</subfield>
   <subfield code="y">23</subfield>
  </datafield>
  <datafield tag="852" ind1=" " ind2=" ">
   <subfield code="a">INST</subfield>
   <subfield code="b">UNIPILB</subfield>
   <subfield code="c">SERIALS</subfield>
   <subfield code="e">20111027</subfield>
   <subfield code="h">Αλφαβητική σειρά</subfield>
   <subfield code="p">73112</subfield>
   <subfield code="q">73112</subfield>
   <subfield code="t">NOLOAN</subfield>
   <subfield code="v">vol.94;no.4789:(Μήνας)September;(Ημέρα)23;(Έτος)2011</subfield>
   <subfield code="y">23</subfield>
  </datafield>
  <datafield tag="852" ind1=" " ind2=" ">
   <subfield code="a">INST</subfield>
   <subfield code="b">UNIPILB</subfield>
   <subfield code="c">SERIALS</subfield>
   <subfield code="e">20111027</subfield>
   <subfield code="h">Αλφαβητική σειρά</subfield>
   <subfield code="p">73113</subfield>
   <subfield code="q">73113</subfield>
   <subfield code="t">NOLOAN</subfield>
   <subfield code="v">vol.94;no.4790:(Μήνας)September;(Ημέρα)30;(Έτος)2011</subfield>
   <subfield code="y">23</subfield>
  </datafield>
  <datafield tag="852" ind1=" " ind2=" ">
   <subfield code="a">INST</subfield>
   <subfield code="b">UNIPILB</subfield>
   <subfield code="c">SERIALS</subfield>
   <subfield code="e">20111031</subfield>
   <subfield code="h">Αλφαβητική σειρά</subfield>
   <subfield code="p">73163</subfield>
   <subfield code="q">73163</subfield>
   <subfield code="t">NOLOAN</subfield>
   <subfield code="v">vol.94;no.4791:(Μήνας)October;(Ημέρα)7;(Έτος)2011</subfield>
   <subfield code="y">23</subfield>
  </datafield>
  <datafield tag="852" ind1=" " ind2=" ">
   <subfield code="a">INST</subfield>
   <subfield code="b">UNIPILB</subfield>
   <subfield code="c">SERIALS</subfield>
   <subfield code="e">20111031</subfield>
   <subfield code="h">Αλφαβητική σειρά</subfield>
   <subfield code="p">73164</subfield>
   <subfield code="q">73164</subfield>
   <subfield code="t">NOLOAN</subfield>
   <subfield code="v">vol.94;no.4792:(Μήνας)October;(Ημέρα)14;(Έτος)2011</subfield>
   <subfield code="y">23</subfield>
  </datafield>
  <datafield tag="852" ind1=" " ind2=" ">
   <subfield code="a">INST</subfield>
   <subfield code="b">UNIPILB</subfield>
   <subfield code="c">SERIALS</subfield>
   <subfield code="e">20111123</subfield>
   <subfield code="h">Αλφαβητική σειρά</subfield>
   <subfield code="p">73494</subfield>
   <subfield code="q">73494</subfield>
   <subfield code="t">NOLOAN</subfield>
   <subfield code="v">vol.94;no.4793:(Μήνας)October;(Ημέρα)21;(Έτος)2011</subfield>
   <subfield code="y">23</subfield>
  </datafield>
  <datafield tag="852" ind1=" " ind2=" ">
   <subfield code="a">INST</subfield>
   <subfield code="b">UNIPILB</subfield>
   <subfield code="c">SERIALS</subfield>
   <subfield code="e">20111124</subfield>
   <subfield code="h">Αλφαβητική σειρά</subfield>
   <subfield code="p">73524</subfield>
   <subfield code="q">73524</subfield>
   <subfield code="t">NOLOAN</subfield>
   <subfield code="v">vol.94;no.4794/4795:(Μήνας)October;(Ημέρα)28;(Έτος)2011</subfield>
   <subfield code="y">23</subfield>
  </datafield>
  <datafield tag="852" ind1=" " ind2=" ">
   <subfield code="a">INST</subfield>
   <subfield code="b">UNIPILB</subfield>
   <subfield code="c">SERIALS</subfield>
   <subfield code="e">20111206</subfield>
   <subfield code="h">Αλφαβητική σειρά</subfield>
   <subfield code="p">73703</subfield>
   <subfield code="q">73703</subfield>
   <subfield code="t">NOLOAN</subfield>
   <subfield code="v">vol.93;no.4783/4784:(Μήνας)August;(Ημέρα)26;(Έτος)2011</subfield>
   <subfield code="y">23</subfield>
  </datafield>
  <datafield tag="852" ind1=" " ind2=" ">
   <subfield code="a">INST</subfield>
   <subfield code="b">UNIPILB</subfield>
   <subfield code="c">SERIALS</subfield>
   <subfield code="e">20111206</subfield>
   <subfield code="h">Αλφαβητική σειρά</subfield>
   <subfield code="p">73704</subfield>
   <subfield code="q">73704</subfield>
   <subfield code="t">NOLOAN</subfield>
   <subfield code="v">vol.94;no.4796:(Μήνας)November;(Ημέρα)11;(Έτος)2011</subfield>
   <subfield code="y">23</subfield>
  </datafield>
  <datafield tag="852" ind1=" " ind2=" ">
   <subfield code="a">INST</subfield>
   <subfield code="b">UNIPILB</subfield>
   <subfield code="c">SERIALS</subfield>
   <subfield code="e">20111206</subfield>
   <subfield code="h">Αλφαβητική σειρά</subfield>
   <subfield code="p">73705</subfield>
   <subfield code="q">73705</subfield>
   <subfield code="t">NOLOAN</subfield>
   <subfield code="v">vol.94;no.4797:(Μήνας)November;(Ημέρα)18;(Έτος)2011</subfield>
   <subfield code="y">23</subfield>
  </datafield>
  <datafield tag="852" ind1=" " ind2=" ">
   <subfield code="a">INST</subfield>
   <subfield code="b">UNIPILB</subfield>
   <subfield code="c">SERIALS</subfield>
   <subfield code="e">20120116</subfield>
   <subfield code="h">Αλφαβητική σειρά</subfield>
   <subfield code="p">73951</subfield>
   <subfield code="q">73951</subfield>
   <subfield code="t">NOLOAN</subfield>
   <subfield code="v">vol.94;no.4800:(Μήνας)December;(Ημέρα)9;(Έτος)2011</subfield>
   <subfield code="y">23</subfield>
  </datafield>
  <datafield tag="852" ind1=" " ind2=" ">
   <subfield code="a">INST</subfield>
   <subfield code="b">UNIPILB</subfield>
   <subfield code="c">SERIALS</subfield>
   <subfield code="e">20120117</subfield>
   <subfield code="h">Αλφαβητική σειρά</subfield>
   <subfield code="p">73985</subfield>
   <subfield code="q">73985</subfield>
   <subfield code="t">NOLOAN</subfield>
   <subfield code="v">vol.94;no.4801:(Μήνας)December;(Ημέρα)16;(Έτος)2011</subfield>
   <subfield code="y">23</subfield>
  </datafield>
  <datafield tag="852" ind1=" " ind2=" ">
   <subfield code="a">INST</subfield>
   <subfield code="b">UNIPILB</subfield>
   <subfield code="c">SERIALS</subfield>
   <subfield code="e">20120117</subfield>
   <subfield code="h">Αλφαβητική σειρά</subfield>
   <subfield code="p">73986</subfield>
   <subfield code="q">73986</subfield>
   <subfield code="t">NOLOAN</subfield>
   <subfield code="v">vol.94;no.4802:(Μήνας)December;(Ημέρα)23;(Έτος)2011</subfield>
   <subfield code="y">23</subfield>
  </datafield>
  <datafield tag="852" ind1=" " ind2=" ">
   <subfield code="a">INST</subfield>
   <subfield code="b">UNIPILB</subfield>
   <subfield code="c">SERIALS</subfield>
   <subfield code="e">20120117</subfield>
   <subfield code="h">Αλφαβητική σειρά</subfield>
   <subfield code="p">74017</subfield>
   <subfield code="q">74017</subfield>
   <subfield code="t">NOLOAN</subfield>
   <subfield code="v">vol.94;no.4798:(Μήνας)November;(Ημέρα)25;(Έτος)2011</subfield>
   <subfield code="y">23</subfield>
  </datafield>
  <datafield tag="852" ind1=" " ind2=" ">
   <subfield code="a">INST</subfield>
   <subfield code="b">UNIPILB</subfield>
   <subfield code="c">SERIALS</subfield>
   <subfield code="e">20120117</subfield>
   <subfield code="h">Αλφαβητική σειρά</subfield>
   <subfield code="p">74018</subfield>
   <subfield code="q">74018</subfield>
   <subfield code="t">NOLOAN</subfield>
   <subfield code="v">vol.94;no.4799:(Μήνας)December;(Ημέρα)2;(Έτος)2011</subfield>
   <subfield code="y">23</subfield>
  </datafield>
  <datafield tag="852" ind1=" " ind2=" ">
   <subfield code="a">INST</subfield>
   <subfield code="b">UNIPILB</subfield>
   <subfield code="c">SERIALS</subfield>
   <subfield code="e">20120410</subfield>
   <subfield code="h">Αλφαβητική σειρά</subfield>
   <subfield code="p">75189</subfield>
   <subfield code="q">75189</subfield>
   <subfield code="t">NOLOAN</subfield>
   <subfield code="v">vol.94;no.4806:(Μήνας)January;(Ημέρα)20;(Έτος)2012</subfield>
   <subfield code="y">23</subfield>
  </datafield>
  <datafield tag="852" ind1=" " ind2=" ">
   <subfield code="a">INST</subfield>
   <subfield code="b">UNIPILB</subfield>
   <subfield code="c">SERIALS</subfield>
   <subfield code="e">20120410</subfield>
   <subfield code="h">Αλφαβητική σειρά</subfield>
   <subfield code="p">75190</subfield>
   <subfield code="q">75190</subfield>
   <subfield code="t">NOLOAN</subfield>
   <subfield code="v">vol.94;no.4804-4805:(Μήνας)January;(Ημέρα)13;(Έτος)2012</subfield>
   <subfield code="y">23</subfield>
  </datafield>
  <datafield tag="852" ind1=" " ind2=" ">
   <subfield code="a">INST</subfield>
   <subfield code="b">UNIPILB</subfield>
   <subfield code="c">SERIALS</subfield>
   <subfield code="e">20120410</subfield>
   <subfield code="h">Αλφαβητική σειρά</subfield>
   <subfield code="p">75191</subfield>
   <subfield code="q">75191</subfield>
   <subfield code="t">NOLOAN</subfield>
   <subfield code="v">vol.94;no.4807:(Μήνας)January;(Ημέρα)27;(Έτος)2012</subfield>
   <subfield code="y">23</subfield>
  </datafield>
  <datafield tag="852" ind1=" " ind2=" ">
   <subfield code="a">INST</subfield>
   <subfield code="b">UNIPILB</subfield>
   <subfield code="c">SERIALS</subfield>
   <subfield code="e">20120410</subfield>
   <subfield code="h">Αλφαβητική σειρά</subfield>
   <subfield code="p">75192</subfield>
   <subfield code="q">75192</subfield>
   <subfield code="t">NOLOAN</subfield>
   <subfield code="v">vol.94;no.4808:(Μήνας)February;(Ημέρα)3;(Έτος)2012</subfield>
   <subfield code="y">23</subfield>
  </datafield>
  <datafield tag="852" ind1=" " ind2=" ">
   <subfield code="a">INST</subfield>
   <subfield code="b">UNIPILB</subfield>
   <subfield code="c">SERIALS</subfield>
   <subfield code="e">20120410</subfield>
   <subfield code="h">Αλφαβητική σειρά</subfield>
   <subfield code="p">75193</subfield>
   <subfield code="q">75193</subfield>
   <subfield code="t">NOLOAN</subfield>
   <subfield code="v">vol.94;no.4809:(Μήνας)February;(Ημέρα)10;(Έτος)2012</subfield>
   <subfield code="y">23</subfield>
  </datafield>
  <datafield tag="852" ind1=" " ind2=" ">
   <subfield code="a">INST</subfield>
   <subfield code="b">UNIPILB</subfield>
   <subfield code="c">SERIALS</subfield>
   <subfield code="e">20120410</subfield>
   <subfield code="h">Αλφαβητική σειρά</subfield>
   <subfield code="p">75194</subfield>
   <subfield code="q">75194</subfield>
   <subfield code="t">NOLOAN</subfield>
   <subfield code="v">vol.94;no.4810:(Μήνας)February;(Ημέρα)17;(Έτος)2012</subfield>
   <subfield code="y">23</subfield>
  </datafield>
  <datafield tag="852" ind1=" " ind2=" ">
   <subfield code="a">INST</subfield>
   <subfield code="b">UNIPILB</subfield>
   <subfield code="c">SERIALS</subfield>
   <subfield code="e">20120410</subfield>
   <subfield code="h">Αλφαβητική σειρά</subfield>
   <subfield code="p">75195</subfield>
   <subfield code="q">75195</subfield>
   <subfield code="t">NOLOAN</subfield>
   <subfield code="v">vol.94;no.4811:(Μήνας)February;(Ημέρα)24;(Έτος)2012</subfield>
   <subfield code="y">23</subfield>
  </datafield>
  <datafield tag="852" ind1=" " ind2=" ">
   <subfield code="a">INST</subfield>
   <subfield code="b">UNIPILB</subfield>
   <subfield code="c">SERIALS</subfield>
   <subfield code="e">20120410</subfield>
   <subfield code="h">Αλφαβητική σειρά</subfield>
   <subfield code="p">75196</subfield>
   <subfield code="q">75196</subfield>
   <subfield code="t">NOLOAN</subfield>
   <subfield code="v">vol.94;no.4812:(Μήνας)March;(Ημέρα)2;(Έτος)2012</subfield>
   <subfield code="y">23</subfield>
  </datafield>
  <datafield tag="852" ind1=" " ind2=" ">
   <subfield code="a">INST</subfield>
   <subfield code="b">UNIPILB</subfield>
   <subfield code="c">SERIALS</subfield>
   <subfield code="e">20120410</subfield>
   <subfield code="h">Αλφαβητική σειρά</subfield>
   <subfield code="p">75197</subfield>
   <subfield code="q">75197</subfield>
   <subfield code="t">NOLOAN</subfield>
   <subfield code="v">vol.94;no.4813:(Μήνας)March;(Ημέρα)9;(Έτος)2012</subfield>
   <subfield code="y">23</subfield>
  </datafield>
  <datafield tag="852" ind1=" " ind2=" ">
   <subfield code="a">INST</subfield>
   <subfield code="b">UNIPILB</subfield>
   <subfield code="c">SERIALS</subfield>
   <subfield code="e">20120410</subfield>
   <subfield code="h">Αλφαβητική σειρά</subfield>
   <subfield code="p">75198</subfield>
   <subfield code="q">75198</subfield>
   <subfield code="t">NOLOAN</subfield>
   <subfield code="v">vol.94;no.4815:(Μήνας)March;(Ημέρα)23;(Έτος)2012</subfield>
   <subfield code="y">23</subfield>
  </datafield>
  <datafield tag="852" ind1=" " ind2=" ">
   <subfield code="a">INST</subfield>
   <subfield code="b">UNIPILB</subfield>
   <subfield code="c">SERIALS</subfield>
   <subfield code="e">20120518</subfield>
   <subfield code="h">Αλφαβητική σειρά</subfield>
   <subfield code="p">75503</subfield>
   <subfield code="q">75503</subfield>
   <subfield code="t">NOLOAN</subfield>
   <subfield code="v">vol.94;no.4814:(Μήνας)March;(Ημέρα)16;(Έτος)2012</subfield>
   <subfield code="y">23</subfield>
  </datafield>
  <datafield tag="852" ind1=" " ind2=" ">
   <subfield code="a">INST</subfield>
   <subfield code="b">UNIPILB</subfield>
   <subfield code="c">SERIALS</subfield>
   <subfield code="e">20120518</subfield>
   <subfield code="h">Αλφαβητική σειρά</subfield>
   <subfield code="p">75504</subfield>
   <subfield code="q">75504</subfield>
   <subfield code="t">NOLOAN</subfield>
   <subfield code="v">vol.94;no.4816:(Μήνας)March;(Ημέρα)30;(Έτος)2012</subfield>
   <subfield code="y">23</subfield>
  </datafield>
  <datafield tag="852" ind1=" " ind2=" ">
   <subfield code="a">INST</subfield>
   <subfield code="b">UNIPILB</subfield>
   <subfield code="c">SERIALS</subfield>
   <subfield code="e">20120518</subfield>
   <subfield code="h">Αλφαβητική σειρά</subfield>
   <subfield code="p">75505</subfield>
   <subfield code="q">75505</subfield>
   <subfield code="t">NOLOAN</subfield>
   <subfield code="v">vol.94;no.4817:(Μήνας)April;(Ημέρα)6;(Έτος)2012</subfield>
   <subfield code="y">23</subfield>
  </datafield>
  <datafield tag="852" ind1=" " ind2=" ">
   <subfield code="a">INST</subfield>
   <subfield code="b">UNIPILB</subfield>
   <subfield code="c">SERIALS</subfield>
   <subfield code="e">20120518</subfield>
   <subfield code="h">Αλφαβητική σειρά</subfield>
   <subfield code="p">75506</subfield>
   <subfield code="q">75506</subfield>
   <subfield code="t">NOLOAN</subfield>
   <subfield code="v">vol.94;no.4818:(Μήνας)April;(Ημέρα)13;(Έτος)2012</subfield>
   <subfield code="y">23</subfield>
  </datafield>
  <datafield tag="852" ind1=" " ind2=" ">
   <subfield code="a">INST</subfield>
   <subfield code="b">UNIPILB</subfield>
   <subfield code="c">SERIALS</subfield>
   <subfield code="e">20120518</subfield>
   <subfield code="h">Αλφαβητική σειρά</subfield>
   <subfield code="p">75507</subfield>
   <subfield code="q">75507</subfield>
   <subfield code="t">NOLOAN</subfield>
   <subfield code="v">vol.94;no.4819:(Μήνας)April;(Ημέρα)20;(Έτος)2012</subfield>
   <subfield code="y">23</subfield>
  </datafield>
  <datafield tag="852" ind1=" " ind2=" ">
   <subfield code="a">INST</subfield>
   <subfield code="b">UNIPILB</subfield>
   <subfield code="c">SERIALS</subfield>
   <subfield code="e">20120518</subfield>
   <subfield code="h">Αλφαβητική σειρά</subfield>
   <subfield code="p">75508</subfield>
   <subfield code="q">75508</subfield>
   <subfield code="t">NOLOAN</subfield>
   <subfield code="v">vol.94;no.4820:(Μήνας)April;(Ημέρα)27;(Έτος)2012</subfield>
   <subfield code="y">23</subfield>
  </datafield>
  <datafield tag="852" ind1=" " ind2=" ">
   <subfield code="a">INST</subfield>
   <subfield code="b">UNIPILB</subfield>
   <subfield code="c">SERIALS</subfield>
   <subfield code="e">20120601</subfield>
   <subfield code="h">Αλφαβητική σειρά</subfield>
   <subfield code="p">75654</subfield>
   <subfield code="q">75654</subfield>
   <subfield code="t">NOLOAN</subfield>
   <subfield code="v">vol.94;no.4822:(Μήνας)May;(Ημέρα)11;(Έτος)2012</subfield>
   <subfield code="y">23</subfield>
  </datafield>
  <datafield tag="852" ind1=" " ind2=" ">
   <subfield code="a">INST</subfield>
   <subfield code="b">UNIPILB</subfield>
   <subfield code="c">SERIALS</subfield>
   <subfield code="e">20120702</subfield>
   <subfield code="h">Αλφαβητική σειρά</subfield>
   <subfield code="p">75906</subfield>
   <subfield code="q">75906</subfield>
   <subfield code="t">NOLOAN</subfield>
   <subfield code="v">vol.94;no.4823:(Μήνας)May;(Ημέρα)18;(Έτος)2012</subfield>
   <subfield code="y">23</subfield>
  </datafield>
  <datafield tag="852" ind1=" " ind2=" ">
   <subfield code="a">INST</subfield>
   <subfield code="b">UNIPILB</subfield>
   <subfield code="c">SERIALS</subfield>
   <subfield code="e">20120702</subfield>
   <subfield code="h">Αλφαβητική σειρά</subfield>
   <subfield code="p">75907</subfield>
   <subfield code="q">75907</subfield>
   <subfield code="t">NOLOAN</subfield>
   <subfield code="v">vol.94;no.4824:(Μήνας)May;(Ημέρα)25;(Έτος)2012</subfield>
   <subfield code="y">23</subfield>
  </datafield>
  <datafield tag="852" ind1=" " ind2=" ">
   <subfield code="a">INST</subfield>
   <subfield code="b">UNIPILB</subfield>
   <subfield code="c">SERIALS</subfield>
   <subfield code="e">20120702</subfield>
   <subfield code="h">Αλφαβητική σειρά</subfield>
   <subfield code="p">75908</subfield>
   <subfield code="q">75908</subfield>
   <subfield code="t">NOLOAN</subfield>
   <subfield code="v">vol.94;no.4825:(Μήνας)June;(Ημέρα)1;(Έτος)2012</subfield>
   <subfield code="y">23</subfield>
  </datafield>
  <datafield tag="852" ind1=" " ind2=" ">
   <subfield code="a">INST</subfield>
   <subfield code="b">UNIPILB</subfield>
   <subfield code="c">SERIALS</subfield>
   <subfield code="e">20120702</subfield>
   <subfield code="h">Αλφαβητική σειρά</subfield>
   <subfield code="p">75909</subfield>
   <subfield code="q">75909</subfield>
   <subfield code="t">NOLOAN</subfield>
   <subfield code="v">vol.94;no.4826:(Μήνας)June;(Ημέρα)8;(Έτος)2012</subfield>
   <subfield code="y">23</subfield>
  </datafield>
  <datafield tag="852" ind1=" " ind2=" ">
   <subfield code="a">INST</subfield>
   <subfield code="b">UNIPILB</subfield>
   <subfield code="c">SERIALS</subfield>
   <subfield code="e">20120730</subfield>
   <subfield code="h">Αλφαβητική σειρά</subfield>
   <subfield code="p">76247</subfield>
   <subfield code="q">76247</subfield>
   <subfield code="t">NOLOAN</subfield>
   <subfield code="v">vol.94;no.4827:(Μήνας)June;(Ημέρα)15;(Έτος)2012</subfield>
   <subfield code="y">23</subfield>
  </datafield>
  <datafield tag="852" ind1=" " ind2=" ">
   <subfield code="a">INST</subfield>
   <subfield code="b">UNIPILB</subfield>
   <subfield code="c">SERIALS</subfield>
   <subfield code="e">20120730</subfield>
   <subfield code="h">Αλφαβητική σειρά</subfield>
   <subfield code="p">76248</subfield>
   <subfield code="q">76248</subfield>
   <subfield code="t">NOLOAN</subfield>
   <subfield code="v">vol.94;no.4828:(Μήνας)June;(Ημέρα)22;(Έτος)2012</subfield>
   <subfield code="y">23</subfield>
  </datafield>
  <datafield tag="852" ind1=" " ind2=" ">
   <subfield code="a">INST</subfield>
   <subfield code="b">UNIPILB</subfield>
   <subfield code="c">SERIALS</subfield>
   <subfield code="e">20120730</subfield>
   <subfield code="h">Αλφαβητική σειρά</subfield>
   <subfield code="p">76249</subfield>
   <subfield code="q">76249</subfield>
   <subfield code="t">NOLOAN</subfield>
   <subfield code="v">vol.94;no.4829:(Μήνας)June;(Ημέρα)29;(Έτος)2012</subfield>
   <subfield code="y">23</subfield>
  </datafield>
  <datafield tag="852" ind1=" " ind2=" ">
   <subfield code="a">INST</subfield>
   <subfield code="b">UNIPILB</subfield>
   <subfield code="c">SERIALS</subfield>
   <subfield code="e">20120730</subfield>
   <subfield code="h">Αλφαβητική σειρά</subfield>
   <subfield code="p">76250</subfield>
   <subfield code="q">76250</subfield>
   <subfield code="t">NOLOAN</subfield>
   <subfield code="v">vol.94;no.4830:(Μήνας)July;(Ημέρα)6;(Έτος)2012</subfield>
   <subfield code="y">23</subfield>
  </datafield>
  <datafield tag="852" ind1=" " ind2=" ">
   <subfield code="a">INST</subfield>
   <subfield code="b">UNIPILB</subfield>
   <subfield code="c">SERIALS</subfield>
   <subfield code="e">20120828</subfield>
   <subfield code="h">Αλφαβητική σειρά</subfield>
   <subfield code="p">76285</subfield>
   <subfield code="q">76285</subfield>
   <subfield code="t">NOLOAN</subfield>
   <subfield code="v">vol.94;no.4831:(Μήνας)July;(Ημέρα)13;(Έτος)2012</subfield>
   <subfield code="y">23</subfield>
  </datafield>
  <datafield tag="852" ind1=" " ind2=" ">
   <subfield code="a">INST</subfield>
   <subfield code="b">UNIPILB</subfield>
   <subfield code="c">SERIALS</subfield>
   <subfield code="e">20120924</subfield>
   <subfield code="h">Αλφαβητική σειρά</subfield>
   <subfield code="p">76583</subfield>
   <subfield code="q">76583</subfield>
   <subfield code="t">NOLOAN</subfield>
   <subfield code="v">vol.94;no.4833:(Μήνας)July;(Ημέρα)27;(Έτος)2012</subfield>
   <subfield code="y">23</subfield>
  </datafield>
  <datafield tag="852" ind1=" " ind2=" ">
   <subfield code="a">INST</subfield>
   <subfield code="b">UNIPILB</subfield>
   <subfield code="c">SERIALS</subfield>
   <subfield code="e">20120924</subfield>
   <subfield code="h">Αλφαβητική σειρά</subfield>
   <subfield code="p">76586</subfield>
   <subfield code="q">76586</subfield>
   <subfield code="t">NOLOAN</subfield>
   <subfield code="v">vol.94;no.4836:(Μήνας)August;(Ημέρα)31;(Έτος)2012</subfield>
   <subfield code="y">23</subfield>
  </datafield>
  <datafield tag="852" ind1=" " ind2=" ">
   <subfield code="a">INST</subfield>
   <subfield code="b">UNIPILB</subfield>
   <subfield code="c">SERIALS</subfield>
   <subfield code="e">20121008</subfield>
   <subfield code="h">Αλφαβητική σειρά</subfield>
   <subfield code="p">76714</subfield>
   <subfield code="q">76714</subfield>
   <subfield code="t">NOLOAN</subfield>
   <subfield code="v">vol.95;no.4838:(Μήνας)September;(Ημέρα)7;(Έτος)2012</subfield>
   <subfield code="y">23</subfield>
  </datafield>
  <datafield tag="852" ind1=" " ind2=" ">
   <subfield code="a">INST</subfield>
   <subfield code="b">UNIPILB</subfield>
   <subfield code="c">SERIALS</subfield>
   <subfield code="e">20121008</subfield>
   <subfield code="h">Αλφαβητική σειρά</subfield>
   <subfield code="p">76715</subfield>
   <subfield code="q">76715</subfield>
   <subfield code="t">NOLOAN</subfield>
   <subfield code="v">vol.95;no.4839:(Μήνας)September;(Ημέρα)14;(Έτος)2012</subfield>
   <subfield code="y">23</subfield>
  </datafield>
  <datafield tag="852" ind1=" " ind2=" ">
   <subfield code="a">INST</subfield>
   <subfield code="b">UNIPILB</subfield>
   <subfield code="c">SERIALS</subfield>
   <subfield code="e">20121022</subfield>
   <subfield code="h">Αλφαβητική σειρά</subfield>
   <subfield code="p">76928</subfield>
   <subfield code="q">76928</subfield>
   <subfield code="t">NOLOAN</subfield>
   <subfield code="v">vol.95;no.4840:(Μήνας)September;(Ημέρα)21;(Έτος)2012</subfield>
   <subfield code="y">23</subfield>
  </datafield>
  <datafield tag="852" ind1=" " ind2=" ">
   <subfield code="a">INST</subfield>
   <subfield code="b">UNIPILB</subfield>
   <subfield code="c">SERIALS</subfield>
   <subfield code="e">20121105</subfield>
   <subfield code="h">Αλφαβητική σειρά</subfield>
   <subfield code="p">77022</subfield>
   <subfield code="q">77022</subfield>
   <subfield code="t">NOLOAN</subfield>
   <subfield code="v">vol.95;no.4841-4842:(Μήνας)September;(Ημέρα)28;(Έτος)2012</subfield>
   <subfield code="y">23</subfield>
  </datafield>
  <datafield tag="852" ind1=" " ind2=" ">
   <subfield code="a">INST</subfield>
   <subfield code="b">UNIPILB</subfield>
   <subfield code="c">SERIALS</subfield>
   <subfield code="e">20121105</subfield>
   <subfield code="h">Αλφαβητική σειρά</subfield>
   <subfield code="p">77023</subfield>
   <subfield code="q">77023</subfield>
   <subfield code="t">NOLOAN</subfield>
   <subfield code="v">vol.95;no.4843:(Μήνας)October;(Ημέρα)5;(Έτος)2012</subfield>
   <subfield code="y">23</subfield>
  </datafield>
  <datafield tag="852" ind1=" " ind2=" ">
   <subfield code="a">INST</subfield>
   <subfield code="b">UNIPILB</subfield>
   <subfield code="c">SERIALS</subfield>
   <subfield code="e">20121105</subfield>
   <subfield code="h">Αλφαβητική σειρά</subfield>
   <subfield code="p">77024</subfield>
   <subfield code="q">77024</subfield>
   <subfield code="t">NOLOAN</subfield>
   <subfield code="v">vol.95;no.4844:(Μήνας)October;(Ημέρα)12;(Έτος)2012</subfield>
   <subfield code="y">23</subfield>
  </datafield>
  <datafield tag="852" ind1=" " ind2=" ">
   <subfield code="a">INST</subfield>
   <subfield code="b">UNIPILB</subfield>
   <subfield code="c">SERIALS</subfield>
   <subfield code="e">20121119</subfield>
   <subfield code="h">Αλφαβητική σειρά</subfield>
   <subfield code="p">77115</subfield>
   <subfield code="q">77115</subfield>
   <subfield code="t">NOLOAN</subfield>
   <subfield code="v">vol.95;no.4845:(Μήνας)October;(Ημέρα)26;(Έτος)2012</subfield>
   <subfield code="y">23</subfield>
  </datafield>
  <datafield tag="852" ind1=" " ind2=" ">
   <subfield code="a">INST</subfield>
   <subfield code="b">UNIPILB</subfield>
   <subfield code="c">SERIALS</subfield>
   <subfield code="e">20121119</subfield>
   <subfield code="h">Αλφαβητική σειρά</subfield>
   <subfield code="p">77116</subfield>
   <subfield code="q">77116</subfield>
   <subfield code="t">NOLOAN</subfield>
   <subfield code="v">vol.95;no.4846-4847:(Μήνας)November;(Ημέρα)2;(Έτος)2012</subfield>
   <subfield code="y">23</subfield>
  </datafield>
  <datafield tag="852" ind1=" " ind2=" ">
   <subfield code="a">INST</subfield>
   <subfield code="b">UNIPILB</subfield>
   <subfield code="c">SERIALS</subfield>
   <subfield code="e">20121203</subfield>
   <subfield code="h">Αλφαβητική σειρά</subfield>
   <subfield code="p">77243</subfield>
   <subfield code="q">77243</subfield>
   <subfield code="t">NOLOAN</subfield>
   <subfield code="v">vol.95;no.4848:(Μήνας)November;(Ημέρα)9;(Έτος)2012</subfield>
   <subfield code="y">23</subfield>
  </datafield>
  <datafield tag="852" ind1=" " ind2=" ">
   <subfield code="a">INST</subfield>
   <subfield code="b">UNIPILB</subfield>
   <subfield code="c">SERIALS</subfield>
   <subfield code="e">20121203</subfield>
   <subfield code="h">Αλφαβητική σειρά</subfield>
   <subfield code="p">77244</subfield>
   <subfield code="q">77244</subfield>
   <subfield code="t">NOLOAN</subfield>
   <subfield code="v">vol.95;no.4849:(Μήνας)November;(Ημέρα)16;(Έτος)2012</subfield>
   <subfield code="y">23</subfield>
  </datafield>
  <datafield tag="852" ind1=" " ind2=" ">
   <subfield code="a">INST</subfield>
   <subfield code="b">UNIPILB</subfield>
   <subfield code="c">SERIALS</subfield>
   <subfield code="e">20121217</subfield>
   <subfield code="h">Αλφαβητική σειρά</subfield>
   <subfield code="p">77367</subfield>
   <subfield code="q">77367</subfield>
   <subfield code="t">NOLOAN</subfield>
   <subfield code="v">vol.95;no.4850:(Μήνας)November;(Ημέρα)23;(Έτος)2012</subfield>
   <subfield code="y">23</subfield>
  </datafield>
  <datafield tag="852" ind1=" " ind2=" ">
   <subfield code="a">INST</subfield>
   <subfield code="b">UNIPILB</subfield>
   <subfield code="c">SERIALS</subfield>
   <subfield code="e">20121217</subfield>
   <subfield code="h">Αλφαβητική σειρά</subfield>
   <subfield code="p">77368</subfield>
   <subfield code="q">77368</subfield>
   <subfield code="t">NOLOAN</subfield>
   <subfield code="v">vol.95;no.4851:(Μήνας)November;(Ημέρα)30;(Έτος)2012</subfield>
   <subfield code="y">23</subfield>
  </datafield>
  <datafield tag="852" ind1=" " ind2=" ">
   <subfield code="a">INST</subfield>
   <subfield code="b">UNIPILB</subfield>
   <subfield code="c">SERIALS</subfield>
   <subfield code="e">20130114</subfield>
   <subfield code="h">Αλφαβητική σειρά</subfield>
   <subfield code="p">77467</subfield>
   <subfield code="q">77467</subfield>
   <subfield code="t">NOLOAN</subfield>
   <subfield code="v">vol.95;no.4852:(Μήνας)December;(Ημέρα)7;(Έτος)2012</subfield>
   <subfield code="y">23</subfield>
  </datafield>
  <datafield tag="852" ind1=" " ind2=" ">
   <subfield code="a">INST</subfield>
   <subfield code="b">UNIPILB</subfield>
   <subfield code="c">SERIALS</subfield>
   <subfield code="e">20130114</subfield>
   <subfield code="h">Αλφαβητική σειρά</subfield>
   <subfield code="p">77468</subfield>
   <subfield code="q">77468</subfield>
   <subfield code="t">NOLOAN</subfield>
   <subfield code="v">vol.95;no.4853:(Μήνας)December;(Ημέρα)14;(Έτος)2012</subfield>
   <subfield code="y">23</subfield>
  </datafield>
  <datafield tag="852" ind1=" " ind2=" ">
   <subfield code="a">INST</subfield>
   <subfield code="b">UNIPILB</subfield>
   <subfield code="c">SERIALS</subfield>
   <subfield code="e">20130114</subfield>
   <subfield code="h">Αλφαβητική σειρά</subfield>
   <subfield code="p">77469</subfield>
   <subfield code="q">77469</subfield>
   <subfield code="t">NOLOAN</subfield>
   <subfield code="v">vol.95;no.4854:(Μήνας)December;(Ημέρα)21;(Έτος)2012</subfield>
   <subfield code="y">23</subfield>
  </datafield>
  <datafield tag="852" ind1=" " ind2=" ">
   <subfield code="a">INST</subfield>
   <subfield code="b">UNIPILB</subfield>
   <subfield code="c">SERIALS</subfield>
   <subfield code="e">20130114</subfield>
   <subfield code="h">Αλφαβητική σειρά</subfield>
   <subfield code="p">77470</subfield>
   <subfield code="q">77470</subfield>
   <subfield code="t">NOLOAN</subfield>
   <subfield code="v">vol.95;no.4855:(Μήνας)December;(Ημέρα)28;(Έτος)2012</subfield>
   <subfield code="y">23</subfield>
  </datafield>
  <datafield tag="852" ind1=" " ind2=" ">
   <subfield code="a">INST</subfield>
   <subfield code="b">UNIPILB</subfield>
   <subfield code="c">SERIALS</subfield>
   <subfield code="e">20091127</subfield>
   <subfield code="h">Αλφαβητική σειρά</subfield>
   <subfield code="p">NB000194</subfield>
   <subfield code="q">NB000194</subfield>
   <subfield code="t">NOLOAN</subfield>
   <subfield code="v">vol.91;no.4665:(Μήνας)March;(Ημέρα)17;(Έτος)2009</subfield>
   <subfield code="y">23</subfield>
  </datafield>
  <datafield tag="852" ind1=" " ind2=" ">
   <subfield code="a">INST</subfield>
   <subfield code="b">UNIPILB</subfield>
   <subfield code="c">SERIALS</subfield>
   <subfield code="e">20091127</subfield>
   <subfield code="h">Αλφαβητική σειρά</subfield>
   <subfield code="p">NB000195</subfield>
   <subfield code="q">NB000195</subfield>
   <subfield code="t">NOLOAN</subfield>
   <subfield code="v">vol.91;no.4661:(Μήνας)March;(Ημέρα)20;(Έτος)2009</subfield>
   <subfield code="y">23</subfield>
  </datafield>
  <datafield tag="852" ind1=" " ind2=" ">
   <subfield code="a">INST</subfield>
   <subfield code="b">UNIPILB</subfield>
   <subfield code="c">SERIALS</subfield>
   <subfield code="e">20091127</subfield>
   <subfield code="h">Αλφαβητική σειρά</subfield>
   <subfield code="p">NB000197</subfield>
   <subfield code="q">NB000197</subfield>
   <subfield code="t">NOLOAN</subfield>
   <subfield code="v">vol.91;no.4663:(Μήνας)April;(Ημέρα)3;(Έτος)2009</subfield>
   <subfield code="y">23</subfield>
  </datafield>
  <datafield tag="852" ind1=" " ind2=" ">
   <subfield code="a">INST</subfield>
   <subfield code="b">UNIPILB</subfield>
   <subfield code="c">SERIALS</subfield>
   <subfield code="e">20091127</subfield>
   <subfield code="h">Αλφαβητική σειρά</subfield>
   <subfield code="p">NB000198</subfield>
   <subfield code="q">NB000198</subfield>
   <subfield code="t">NOLOAN</subfield>
   <subfield code="v">vol.91;no.4664:(Μήνας)April;(Ημέρα)10;(Έτος)2009</subfield>
   <subfield code="y">23</subfield>
  </datafield>
  <datafield tag="852" ind1=" " ind2=" ">
   <subfield code="a">INST</subfield>
   <subfield code="b">UNIPILB</subfield>
   <subfield code="c">SERIALS</subfield>
   <subfield code="e">20091130</subfield>
   <subfield code="h">Αλφαβητική σειρά</subfield>
   <subfield code="p">NB000199</subfield>
   <subfield code="q">NB000199</subfield>
   <subfield code="t">NOLOAN</subfield>
   <subfield code="v">vol.91;no.4665:(Μήνας)April;(Ημέρα)17;(Έτος)2009</subfield>
   <subfield code="y">23</subfield>
  </datafield>
  <datafield tag="852" ind1=" " ind2=" ">
   <subfield code="a">INST</subfield>
   <subfield code="b">UNIPILB</subfield>
   <subfield code="c">SERIALS</subfield>
   <subfield code="e">20091127</subfield>
   <subfield code="h">Αλφαβητική σειρά</subfield>
   <subfield code="p">NB000200</subfield>
   <subfield code="q">NB000200</subfield>
   <subfield code="t">NOLOAN</subfield>
   <subfield code="v">vol.91;no.4666:(Μήνας)April;(Ημέρα)24;(Έτος)2009</subfield>
   <subfield code="y">23</subfield>
  </datafield>
  <datafield tag="852" ind1=" " ind2=" ">
   <subfield code="a">INST</subfield>
   <subfield code="b">UNIPILB</subfield>
   <subfield code="c">SERIALS</subfield>
   <subfield code="e">20120924</subfield>
   <subfield code="h">Αλφαβητική σειρά</subfield>
   <subfield code="p">NB000201</subfield>
   <subfield code="q">NB000201</subfield>
   <subfield code="t">NOLOAN</subfield>
   <subfield code="v">vol.94;no.4834:(Μήνας)August;(Ημέρα)10;(Έτος)2012</subfield>
   <subfield code="y">23</subfield>
  </datafield>
  <datafield tag="852" ind1=" " ind2=" ">
   <subfield code="a">INST</subfield>
   <subfield code="b">UNIPILB</subfield>
   <subfield code="c">SERIALS</subfield>
   <subfield code="e">20120924</subfield>
   <subfield code="h">Αλφαβητική σειρά</subfield>
   <subfield code="p">NB000202</subfield>
   <subfield code="q">NB000202</subfield>
   <subfield code="t">NOLOAN</subfield>
   <subfield code="v">vol.94;no.4835:(Μήνας)August;(Ημέρα)24;(Έτος)2012</subfield>
   <subfield code="y">23</subfield>
  </datafield>
  <datafield tag="900" ind1=" " ind2=" ">
   <subfield code="a">Vol. 95 no. 4856 (January 4, 2013)</subfield>
   <subfield code="b">Οφειλόμενο</subfield>
   <subfield code="c">19/02/2013</subfield>
  </datafield>
  <datafield tag="900" ind1=" " ind2=" ">
   <subfield code="a">Vol. 91 no. 4700 (January 1, 2010)</subfield>
   <subfield code="b">Οφειλόμενο</subfield>
   <subfield code="c">12/01/2011</subfield>
  </datafield>
  <datafield tag="900" ind1=" " ind2=" ">
   <subfield code="a">Vol. 91 no. 4701 (January 8, 2010)</subfield>
   <subfield code="b">Οφειλόμενο</subfield>
   <subfield code="c">18/11/2010</subfield>
  </datafield>
  <datafield tag="900" ind1=" " ind2=" ">
   <subfield code="a">Vol. 91 no. 4702 (January 15, 2010)</subfield>
   <subfield code="b">Οφειλόμενο</subfield>
   <subfield code="c">25/11/2010</subfield>
  </datafield>
  <datafield tag="900" ind1=" " ind2=" ">
   <subfield code="a">Vol. 91 no. 4703 (January 22, 2010)</subfield>
   <subfield code="b">Οφειλόμενο</subfield>
   <subfield code="c">30/11/2010</subfield>
  </datafield>
  <datafield tag="900" ind1=" " ind2=" ">
   <subfield code="a">Vol. 91 no. 4704 (January 29, 2010)</subfield>
   <subfield code="b">Οφειλόμενο</subfield>
   <subfield code="c">06/12/2010</subfield>
  </datafield>
  <datafield tag="900" ind1=" " ind2=" ">
   <subfield code="a">Vol. 91 no. 4705 (February 5, 2010)</subfield>
   <subfield code="b">Οφειλόμενο</subfield>
   <subfield code="c">14/12/2010</subfield>
  </datafield>
  <datafield tag="900" ind1=" " ind2=" ">
   <subfield code="a">Vol. 91 no. 4706 (February 12, 2010)</subfield>
   <subfield code="b">Οφειλόμενο</subfield>
   <subfield code="c">12/01/2011</subfield>
  </datafield>
  <datafield tag="900" ind1=" " ind2=" ">
   <subfield code="a">Vol. 91 no. 4707 (February 19, 2010)</subfield>
   <subfield code="b">Οφειλόμενο</subfield>
   <subfield code="c">12/01/2011</subfield>
  </datafield>
  <datafield tag="900" ind1=" " ind2=" ">
   <subfield code="a">Vol. 91 no. 4708 (February 26, 2010)</subfield>
   <subfield code="b">Οφειλόμενο</subfield>
   <subfield code="c">12/01/2011</subfield>
  </datafield>
  <datafield tag="900" ind1=" " ind2=" ">
   <subfield code="a">Vol. 91 no. 4709 (March 5, 2010)</subfield>
   <subfield code="b">Οφειλόμενο</subfield>
   <subfield code="c">12/01/2011</subfield>
  </datafield>
  <datafield tag="900" ind1=" " ind2=" ">
   <subfield code="a">Vol. 91 no. 4710 (March 12, 2010)</subfield>
   <subfield code="b">Οφειλόμενο</subfield>
   <subfield code="c">17/01/2011</subfield>
  </datafield>
  <datafield tag="900" ind1=" " ind2=" ">
   <subfield code="a">Vol. 91 no. 4711 (March 19, 2010)</subfield>
   <subfield code="b">Οφειλόμενο</subfield>
   <subfield code="c">24/01/2011</subfield>
  </datafield>
  <datafield tag="900" ind1=" " ind2=" ">
   <subfield code="a">Vol. 91 no. 4712 (March 26, 2010)</subfield>
   <subfield code="b">Οφειλόμενο</subfield>
   <subfield code="c">08/02/2011</subfield>
  </datafield>
  <datafield tag="900" ind1=" " ind2=" ">
   <subfield code="a">Vol. 91 no. 4713 (April 2, 2010)</subfield>
   <subfield code="b">Οφειλόμενο</subfield>
   <subfield code="c">08/02/2011</subfield>
  </datafield>
  <datafield tag="900" ind1=" " ind2=" ">
   <subfield code="a">Vol. 91 no. 4714 (April 9, 2010)</subfield>
   <subfield code="b">Οφειλόμενο</subfield>
   <subfield code="c">15/02/2011</subfield>
  </datafield>
  <datafield tag="900" ind1=" " ind2=" ">
   <subfield code="a">Vol. 91 no. 4715 (April 16, 2010)</subfield>
   <subfield code="b">Οφειλόμενο</subfield>
   <subfield code="c">03/03/2011</subfield>
  </datafield>
  <datafield tag="900" ind1=" " ind2=" ">
   <subfield code="a">Vol. 91 no. 4716 (April 23, 2010)</subfield>
   <subfield code="b">Οφειλόμενο</subfield>
   <subfield code="c">03/03/2011</subfield>
  </datafield>
  <datafield tag="900" ind1=" " ind2=" ">
   <subfield code="a">Vol. 91 no. 4717 (April 30, 2010)</subfield>
   <subfield code="b">Οφειλόμενο</subfield>
   <subfield code="c">08/03/2011</subfield>
  </datafield>
  <datafield tag="900" ind1=" " ind2=" ">
   <subfield code="a">Vol. 91 no. 4718 (May 7, 2010)</subfield>
   <subfield code="b">Οφειλόμενο</subfield>
   <subfield code="c">15/03/2011</subfield>
  </datafield>
  <datafield tag="900" ind1=" " ind2=" ">
   <subfield code="a">Vol. 91 no. 4719 (May 14, 2010)</subfield>
   <subfield code="b">Οφειλόμενο</subfield>
   <subfield code="c">21/03/2011</subfield>
  </datafield>
  <datafield tag="900" ind1=" " ind2=" ">
   <subfield code="a">Vol. 91 no. 4720 (May 21, 2010)</subfield>
   <subfield code="b">Οφειλόμενο</subfield>
   <subfield code="c">28/03/2011</subfield>
  </datafield>
  <datafield tag="900" ind1=" " ind2=" ">
   <subfield code="a">Vol. 91 no. 4721 (May 28, 2010)</subfield>
   <subfield code="b">Οφειλόμενο</subfield>
   <subfield code="c">05/04/2011</subfield>
  </datafield>
  <datafield tag="900" ind1=" " ind2=" ">
   <subfield code="a">Vol. 91 no. 4722 (June 4, 2010)</subfield>
   <subfield code="b">Οφειλόμενο</subfield>
   <subfield code="c">11/04/2011</subfield>
  </datafield>
  <datafield tag="900" ind1=" " ind2=" ">
   <subfield code="a">Vol. 91 no. 4723 (June 11, 2010)</subfield>
   <subfield code="b">Οφειλόμενο</subfield>
   <subfield code="c">01/05/2011</subfield>
  </datafield>
  <datafield tag="900" ind1=" " ind2=" ">
   <subfield code="a">Vol. 91 no. 4724 (June 18, 2010)</subfield>
   <subfield code="b">Οφειλόμενο</subfield>
   <subfield code="c">01/05/2011</subfield>
  </datafield>
  <datafield tag="900" ind1=" " ind2=" ">
   <subfield code="a">Vol. 91 no. 4725 (June 25, 2010)</subfield>
   <subfield code="b">Οφειλόμενο</subfield>
   <subfield code="c">03/05/2011</subfield>
  </datafield>
  <datafield tag="900" ind1=" " ind2=" ">
   <subfield code="a">Vol. 91 no. 4726 (July 2, 2010)</subfield>
   <subfield code="b">Οφειλόμενο</subfield>
   <subfield code="c">09/05/2011</subfield>
  </datafield>
  <datafield tag="900" ind1=" " ind2=" ">
   <subfield code="a">Vol. 91 no. 4727 (July 9, 2010)</subfield>
   <subfield code="b">Οφειλόμενο</subfield>
   <subfield code="c">16/05/2011</subfield>
  </datafield>
  <datafield tag="900" ind1=" " ind2=" ">
   <subfield code="a">Vol. 91 no. 4728 (July 16, 2010)</subfield>
   <subfield code="b">Οφειλόμενο</subfield>
   <subfield code="c">23/05/2011</subfield>
  </datafield>
  <datafield tag="900" ind1=" " ind2=" ">
   <subfield code="a">Vol. 91 no. 4729 (July 23, 2010)</subfield>
   <subfield code="b">Οφειλόμενο</subfield>
   <subfield code="c">06/06/2011</subfield>
  </datafield>
  <datafield tag="900" ind1=" " ind2=" ">
   <subfield code="a">Vol. 91 no. 4730 (July 30, 2010)</subfield>
   <subfield code="b">Οφειλόμενο</subfield>
   <subfield code="c">06/06/2011</subfield>
  </datafield>
  <datafield tag="900" ind1=" " ind2=" ">
   <subfield code="a">Vol. 91 no. 4731 (August 6, 2010)</subfield>
   <subfield code="b">Οφειλόμενο</subfield>
   <subfield code="c">14/06/2011</subfield>
  </datafield>
  <datafield tag="900" ind1=" " ind2=" ">
   <subfield code="a">Vol. 91 no. 4732 (August 13, 2010)</subfield>
   <subfield code="b">Οφειλόμενο</subfield>
   <subfield code="c">21/06/2011</subfield>
  </datafield>
  <datafield tag="900" ind1=" " ind2=" ">
   <subfield code="a">Vol. 92 no. 4733 (August 20, 2010)</subfield>
   <subfield code="b">Οφειλόμενο</subfield>
   <subfield code="c">28/06/2011</subfield>
  </datafield>
  <datafield tag="900" ind1=" " ind2=" ">
   <subfield code="a">Vol. 92 no. 4743 (November 5, 2010)</subfield>
   <subfield code="b">Οφειλόμενο</subfield>
   <subfield code="c">22/07/2011</subfield>
  </datafield>
  <datafield tag="900" ind1=" " ind2=" ">
   <subfield code="a">Vol. 92 no. 4751 (December 31, 2010)</subfield>
   <subfield code="b">Οφειλόμενο</subfield>
   <subfield code="c">12/07/2011</subfield>
  </datafield>
  <datafield tag="900" ind1=" " ind2=" ">
   <subfield code="a">Vol. 92 no. 4752 (January 7, 2011)</subfield>
   <subfield code="b">Οφειλόμενο</subfield>
   <subfield code="c">22/06/2011</subfield>
  </datafield>
  <datafield tag="900" ind1=" " ind2=" ">
   <subfield code="a">Vol. 93 no. 4780 (July 22, 2011)</subfield>
   <subfield code="b">Οφειλόμενο</subfield>
   <subfield code="c">06/12/2011</subfield>
  </datafield>
  <datafield tag="900" ind1=" " ind2=" ">
   <subfield code="a">Vol. 93 no. 4783 (August 19, 2011)</subfield>
   <subfield code="b">Οφειλόμενο</subfield>
   <subfield code="c">13/01/2012</subfield>
  </datafield>
  <datafield tag="900" ind1=" " ind2=" ">
   <subfield code="a">Vol. 94 no. 4796/4797 (November 4, 2011)</subfield>
   <subfield code="b">Οφειλόμενο</subfield>
   <subfield code="c">10/02/2012</subfield>
  </datafield>
  <datafield tag="900" ind1=" " ind2=" ">
   <subfield code="a">Vol. 94 no. 4803 (December 30, 2011)</subfield>
   <subfield code="b">Οφειλόμενο</subfield>
   <subfield code="c">30/03/2012</subfield>
  </datafield>
  <datafield tag="900" ind1=" " ind2=" ">
   <subfield code="a">Vol. 94 no. 4821 (May 4, 2012)</subfield>
   <subfield code="b">Οφειλόμενο</subfield>
   <subfield code="c">25/07/2012</subfield>
  </datafield>
  <datafield tag="900" ind1=" " ind2=" ">
   <subfield code="a">Vol. 94 no. 4822 (May 11, 2012)</subfield>
   <subfield code="b">Οφειλόμενο</subfield>
   <subfield code="c">25/07/2012</subfield>
  </datafield>
  <datafield tag="900" ind1=" " ind2=" ">
   <subfield code="a">Vol. 94 no. 4832 (July 20, 2012)</subfield>
   <subfield code="b">Οφειλόμενο</subfield>
   <subfield code="c">21/09/2012</subfield>
  </datafield>
  <datafield tag="950" ind1=" " ind2=" ">
   <subfield code="a">11/01/2002</subfield>
   <subfield code="c">SWETS INFORMATION SERVICES</subfield>
   <subfield code="d">321</subfield>
  </datafield>
  <datafield tag="951" ind1=" " ind2=" ">
   <subfield code="a">Vol. 95 no. 4855 (December 28, 2012)</subfield>
   <subfield code="b">Main run</subfield>
  </datafield>
  <datafield tag="951" ind1=" " ind2=" ">
   <subfield code="a">Vol. 84 no. 4282 (January 11, 2002) - Vol. 84 no. 4284 (January 25, 2002)</subfield>
   <subfield code="b">Main run</subfield>
  </datafield>
  <datafield tag="951" ind1=" " ind2=" ">
   <subfield code="a">Vol. 84 no. 4286 (February 8, 2002) - Vol. 84 no. 4287 (February 15, 2002)</subfield>
   <subfield code="b">Main run</subfield>
  </datafield>
  <datafield tag="951" ind1=" " ind2=" ">
   <subfield code="a">Vol. 84 no. 4291 (March 15, 2002) - Vol. 84 no. 4292 (March 22, 2002)</subfield>
   <subfield code="b">Main run</subfield>
  </datafield>
  <datafield tag="951" ind1=" " ind2=" ">
   <subfield code="a">Vol. 84 no. 4294 (April 5, 2002) - Vol. 84 no. 4305 (June 21, 2002)</subfield>
   <subfield code="b">Main run</subfield>
  </datafield>
  <datafield tag="951" ind1=" " ind2=" ">
   <subfield code="a">Vol. 84 no. 4307 (July 5, 2002) - Vol. 84 no. 4310-4311 (July 26, 2002)</subfield>
   <subfield code="b">Main run</subfield>
  </datafield>
  <datafield tag="951" ind1=" " ind2=" ">
   <subfield code="a">Vol. 84 no. 4312-4313 (August 9, 2002) - Vol. 84 no. 4316 (September 6, 2002)</subfield>
   <subfield code="b">Main run</subfield>
  </datafield>
  <datafield tag="951" ind1=" " ind2=" ">
   <subfield code="a">Vol. 85 no. 4317 (September 13, 2002) - Vol. 85 no. 4331 (December 20, 2002)</subfield>
   <subfield code="b">Main run</subfield>
  </datafield>
  <datafield tag="951" ind1=" " ind2=" ">
   <subfield code="a">Vol. 85 no. 4366 (August 22, 2003) - Vol. 85 no. 4368 (September 5, 2003)</subfield>
   <subfield code="b">Main run</subfield>
  </datafield>
  <datafield tag="951" ind1=" " ind2=" ">
   <subfield code="a">Vol. 86 no. 4369 (September 12, 2003) - Vol. 86 no. 4417 (August 20, 2004)</subfield>
   <subfield code="b">Main run</subfield>
  </datafield>
  <datafield tag="951" ind1=" " ind2=" ">
   <subfield code="a">Vol. 87 no. 4497 (February 24, 2006) - Vol. 87 no. 4502 (March 31, 2006)</subfield>
   <subfield code="b">Main run</subfield>
  </datafield>
  <datafield tag="951" ind1=" " ind2=" ">
   <subfield code="a">Vol. 91 no. 4649/4650 (January 9, 2009)</subfield>
   <subfield code="b">Main run</subfield>
  </datafield>
  <datafield tag="951" ind1=" " ind2=" ">
   <subfield code="a">Vol. 91 no. 4653 (January 30, 2009)</subfield>
   <subfield code="b">Main run</subfield>
  </datafield>
  <datafield tag="951" ind1=" " ind2=" ">
   <subfield code="a">Vol. 91 no. 4660 (March 13, 2009)</subfield>
   <subfield code="b">Main run</subfield>
  </datafield>
  <datafield tag="951" ind1=" " ind2=" ">
   <subfield code="a">Vol. 91 no. 4668 (May 8, 2009)</subfield>
   <subfield code="b">Main run</subfield>
  </datafield>
  <datafield tag="951" ind1=" " ind2=" ">
   <subfield code="a">Vol. 91 no. 4670-4671 (May 22, 2009)</subfield>
   <subfield code="b">Main run</subfield>
  </datafield>
  <datafield tag="951" ind1=" " ind2=" ">
   <subfield code="a">Vol. 91 no. 4672 (June 5, 2009) - Vol. 91 no. 4679-4680 (July 17, 2009)</subfield>
   <subfield code="b">Main run</subfield>
  </datafield>
  <datafield tag="951" ind1=" " ind2=" ">
   <subfield code="a">Vol. 91 no. 4683 (September 4, 2009)</subfield>
   <subfield code="b">Main run</subfield>
  </datafield>
  <datafield tag="951" ind1=" " ind2=" ">
   <subfield code="a">Vol. 91 no. 4689 (October 16, 2009)</subfield>
   <subfield code="b">Main run</subfield>
  </datafield>
  <datafield tag="951" ind1=" " ind2=" ">
   <subfield code="a">Vol. 92 no. 4732-4733 (August 27, 2010) - Vol. 92 no. 4742 (October 29, 2010)</subfield>
   <subfield code="b">Main run</subfield>
  </datafield>
  <datafield tag="951" ind1=" " ind2=" ">
   <subfield code="a">Vol. 92 no. 4743/4744 (November 12, 2010) - Vol. 92 no. 4750-4751 (December 24, 2010)</subfield>
   <subfield code="b">Main run</subfield>
  </datafield>
  <datafield tag="951" ind1=" " ind2=" ">
   <subfield code="a">Vol. 93 no. 4752-4753 (January 14, 2011) - Vol. 93 no. 4779-4780 (July 15, 2011)</subfield>
   <subfield code="b">Main run</subfield>
  </datafield>
  <datafield tag="951" ind1=" " ind2=" ">
   <subfield code="a">Vol. 93 no. 4781 (July 29, 2011) - Vol. 93 no. 4782 (August 12, 2011)</subfield>
   <subfield code="b">Main run</subfield>
  </datafield>
  <datafield tag="951" ind1=" " ind2=" ">
   <subfield code="a">Vol. 93 no. 4783/4784 (August 26, 2011)</subfield>
   <subfield code="b">Main run</subfield>
  </datafield>
  <datafield tag="951" ind1=" " ind2=" ">
   <subfield code="a">Vol. 94 no. 4785 (September 2, 2011) - Vol. 94 no. 4794/4795 (October 28, 2011)</subfield>
   <subfield code="b">Main run</subfield>
  </datafield>
  <datafield tag="951" ind1=" " ind2=" ">
   <subfield code="a">Vol. 94 no. 4796 (November 11, 2011) - Vol. 94 no. 4802 (December 23, 2011)</subfield>
   <subfield code="b">Main run</subfield>
  </datafield>
  <datafield tag="951" ind1=" " ind2=" ">
   <subfield code="a">Vol. 94 no. 4804-4805 (January 13, 2012) - Vol. 94 no. 4816 (March 30, 2012)</subfield>
   <subfield code="b">Main run</subfield>
  </datafield>
  <datafield tag="951" ind1=" " ind2=" ">
   <subfield code="a">Vol. 94 no. 4817 (April 6, 2012) - Vol. 94 no. 4820 (April 27, 2012)</subfield>
   <subfield code="b">Main run</subfield>
  </datafield>
  <datafield tag="951" ind1=" " ind2=" ">
   <subfield code="a">Vol. 94 no. 4822 (May 11, 2012)</subfield>
   <subfield code="b">Main run</subfield>
  </datafield>
  <datafield tag="951" ind1=" " ind2=" ">
   <subfield code="a">Vol. 94 no. 4823 (May 18, 2012) - Vol. 94 no. 4831 (July 13, 2012)</subfield>
   <subfield code="b">Main run</subfield>
  </datafield>
  <datafield tag="951" ind1=" " ind2=" ">
   <subfield code="a">Vol. 94 no. 4833 (July 27, 2012) - Vol. 94 no. 4836 (August 31, 2012)</subfield>
   <subfield code="b">Main run</subfield>
  </datafield>
  <datafield tag="951" ind1=" " ind2=" ">
   <subfield code="a">Vol. 95 no. 4838 (September 7, 2012) - Vol. 95 no. 4853 (December 14, 2012)</subfield>
   <subfield code="b">Main run</subfield>
  </datafield>
  <datafield tag="951" ind1=" " ind2=" ">
   <subfield code="a">Vol. 95 no. 4854 (December 21, 2012)</subfield>
   <subfield code="b">Main run</subfield>
  </datafield>
 </record>
</collection>
